{"text_format":"3","workbook":"xlsx","n_sheets":1,"sheets":["Orça 1º Sem (2)"],"not_rendered":{"comments":1},"read":"whole","date_system":"1900"}

{"sheet":"Orça 1º Sem (2)","index":0,"n_rows":779,"n_cols":15,"rows_kept":779,"merged":[[4,1,5,1],[4,2,5,2],[4,3,5,3],[4,4,5,4],[4,5,5,5],[4,6,4,7],[4,13,5,13]]}
[]
[null,"PLANILHA DE ORÇAMENTAÇÃO"]
[null,"ANO:",2026]
[{"$nulls":13},"1º + 2º SEM"]
[null,"ÍTEM","CANAL / DESCRIÇÃO","UNID","QTDE","QTDE A EXECUTAR","PREÇO (R$)",{"$nulls":6},"TOTAIS"]
[{"$nulls":6},"UNITÁRIO","TOTAL",{"$nulls":6},"POA"]
[null,null,"RESUMO TOTAL (1º SEMESTRE + 2º SEMESTRE) ..............................",{"$nulls":4},{"$f":"H8+H390","v":{"v":480748.1708999999,"d":"480,748.17"}},{"$nulls":5},{"$f":"H8+H390","v":{"v":480748.1708999999,"d":"480,748.17"}},{"$f":"O9+O18+O25+O26+O27+O29+O37","v":{"v":479888.83,"d":"479,888.83"}}]
[null,null,"TOTAL 1º SEMESTRE ......................................",{"$nulls":3},"VALOR TOTAL (R$) = ",{"$f":"H9+H18+H25+H26+H27+H28","v":{"v":261612.58379999996,"d":"261,612.58"}}]
[null,1,"ROÇAGEM DE VEGETAÇÃO","m",{"$f":"SUM(E10:E17)","v":{"v":246398.45,"d":"246,398.45"}},{"v":279515.60000000003,"d":"279,515.60"},null,{"$f":"SUM(H10:H17)","v":{"v":202076.44499999998,"d":"202,076.45"}},{"$nulls":5},{"$f":"H9+H391","v":{"v":358811.8691,"d":"358,811.87"}},{"v":358062.94,"d":"358,062.94"}]
[null,"1.1","CP-1 E CP-2","m",{"$f":"E47","v":{"v":31721.8,"d":"31,721.80"}},{"$f":"F47","v":{"v":31721.8,"d":"31,721.80"}},null,{"$f":"H47","v":{"v":20143.343,"d":"20,143.34"}},{"$nulls":5},{"v":36638.679000000004,"d":"36,638.68"}]
[null,"1.2","L.11 E L.11.2","m",{"$f":"E53","v":{"v":4800,"d":"4,800.00"}},{"$f":"F53","v":{"v":4800,"d":"4,800.00"}},null,{"$f":"H53","v":{"v":2736,"d":"2,736.00"}},{"$nulls":5},{"v":5232,"d":"5,232.00"}]
[null,"1.3","GLEBA A","m",{"$f":"E57","v":{"v":66498.47,"d":"66,498.47"}},{"$f":"F57","v":{"v":66498.47,"d":"66,498.47"}},null,{"$f":"H57","v":{"v":47878.898400000005,"d":"47,878.90"}},{"$nulls":5},{"v":81793.1181,"d":"81,793.12"}]
[null,"1.4","GLEBA B","m",{"$f":"E90","v":{"v":28987.86,"d":"28,987.86"}},{"$f":"F90","v":{"v":28987.86,"d":"28,987.86"}},null,{"$f":"H90","v":{"v":20871.259199999997,"d":"20,871.26"}},{"$nulls":5},{"v":35365.18919999999,"d":"35,365.19"}]
[null,"1.5","GLEBA C2","m",{"$f":"E112","v":{"v":76263.29999999999,"d":"76,263.30"}},{"$f":"F112","v":{"v":76263.29999999999,"d":"76,263.30"}},null,{"$f":"H112","v":{"v":62535.906,"d":"62,535.91"}},{"$nulls":5},{"v":115920.216,"d":"115,920.22"}]
[null,"1.6","GLEBA C3","m",{"$f":"E136","v":{"v":5009.87,"d":"5,009.87"}},{"$f":"F136","v":{"v":5009.87,"d":"5,009.87"}},null,{"$f":"H136","v":{"v":2605.1324,"d":"2,605.13"}},{"$nulls":5},{"v":4709.2778,"d":"4,709.28"}]
[null,"1.7","GLEBA D","m",{"$f":"E140","v":{"v":27505.45,"d":"27,505.45"}},{"$f":"F140","v":{"v":55010.9,"d":"55,010.90"}},null,{"$f":"H140","v":{"v":41808.284,"d":"41,808.28"}},{"$nulls":5},{"v":72064.27900000001,"d":"72,064.28"}]
[null,"1.8","GLEBA F ","m",{"$f":"E185","v":{"v":5611.7,"d":"5,611.70"}},{"$f":"F185","v":{"v":11223.4,"d":"11,223.40"}},null,{"$f":"H185","v":{"v":3497.622,"d":"3,497.62"}},{"$nulls":5},{"v":7089.11,"d":"7,089.11"}]
[null,2,"COMBATE A FORMIGUEIROS EM CANAIS","m",{"$f":"SUM(E19:E24)","v":{"v":209876.65000000002,"d":"209,876.65"}},{"v":209876.65000000002,"d":"209,876.65"},null,{"$f":"SUM(H19:H24)","v":{"v":8395.065999999999,"d":"8,395.07"}},{"$nulls":5},{"v":16790.131999999998,"d":"16,790.13"},{"v":17969.59,"d":"17,969.59"}]
[null,"2.1","GLEBA A","m",{"$f":"E191","v":{"v":66498.47,"d":"66,498.47"}},{"$f":"F191","v":{"v":66498.47,"d":"66,498.47"}},null,{"$f":"H191","v":{"v":2659.9387999999994,"d":"2,659.94"}},{"$nulls":5},{"v":5319.877599999999,"d":"5,319.88"}]
[null,"2.2","GLEBA B","m",{"$f":"E224","v":{"v":28987.86,"d":"28,987.86"}},{"$f":"F224","v":{"v":28987.86,"d":"28,987.86"}},null,{"$f":"H224","v":{"v":1159.5144,"d":"1,159.51"}},{"$nulls":5},{"v":2319.0288,"d":"2,319.03"}]
[null,"2.3","GLEBA C2","m",{"$f":"E246","v":{"v":76263.29999999999,"d":"76,263.30"}},{"$f":"F246","v":{"v":76263.29999999999,"d":"76,263.30"}},null,{"$f":"H246","v":{"v":3050.532,"d":"3,050.53"}},{"$nulls":5},{"v":6101.064,"d":"6,101.06"}]
[null,"2.4","GLEBA C3","m",{"$f":"E270","v":{"v":5009.87,"d":"5,009.87"}},{"$f":"F270","v":{"v":5009.87,"d":"5,009.87"}},null,{"$f":"H270","v":{"v":200.3948,"d":"200.39"}},{"$nulls":5},{"v":400.7896,"d":"400.79"}]
[null,"2.5","GLEBA D","m",{"$f":"E274","v":{"v":27505.45,"d":"27,505.45"}},{"$f":"F274","v":{"v":27505.45,"d":"27,505.45"}},null,{"$f":"H274","v":{"v":1100.218,"d":"1,100.22"}},{"$nulls":5},{"v":2200.436,"d":"2,200.44"}]
[null,"2.6","GLEBA F ","m",{"$f":"E319","v":{"v":5611.7,"d":"5,611.70"}},{"$f":"F319","v":{"v":5611.7,"d":"5,611.70"}},null,{"$f":"H319","v":{"v":224.468,"d":"224.47"}},{"$nulls":5},{"v":448.936,"d":"448.94"}]
[null,3,"DESASSOREAMENTO E ROÇAGEM DOS DRENOS","m",{"$f":"E323","v":{"v":2432,"d":"2,432.00"}},{"$f":"F323","v":{"v":2432,"d":"2,432.00"}},null,{"$f":"H323","v":{"v":4328.96,"d":"4,328.96"}},{"$nulls":5},{"v":8657.92,"d":"8,657.92"},{"v":8657.92,"d":"8,657.92"}]
[null,4,"ROÇAGEM DO SIFÃO C1-C4","m",{"$f":"E327","v":481.97},{"$f":"F327","v":481.97},null,{"$f":"H327","v":{"v":1783.2890000000002,"d":"1,783.29"}},{"$nulls":5},{"v":3566.5780000000004,"d":"3,566.58"},{"v":3566.58,"d":"3,566.58"}]
[null,5,"MANUTENÇÃO DE CERCAS DE PROTEÇÃO NAS COMPORTAS",null,{"$f":"E330","v":{"v":46,"d":"46.00"}},{"v":46,"d":"46.00"},null,{"$f":"H330","v":{"v":8510,"d":"8,510.00"}},{"$nulls":5},{"v":17020,"d":"17,020.00"},{"v":15729,"d":"15,729.00"}]
[null,6,"SUBSTITUIÇÃO E EXECUÇÃO DE JUNTAS E PLACAS DE CONCRETO","VB",{"$nulls":3},{"$f":"H29+H37","v":{"v":36518.8238,"d":"36,518.82"}},{"$nulls":5},{"v":75901.6718,"d":"75,901.67"}]
[null,"6.1","SUBSTITUIÇÃO OU EXECUÇÃO DE JUNTAS","M",{"$f":"SUM(E30:E36)","v":{"v":8400,"d":"8,400.00"}},{"$f":"SUM(F30:F36)","v":{"v":4000,"d":"4,000.00"}},null,{"$f":"SUM(H30:H36)","v":{"v":29360,"d":"29,360.00"}},{"$nulls":5},{"v":61656,"d":"61,656.00"},{"v":61657.68,"d":"61,657.68"}]
[null,"6.1.1","GLEBA A","M",{"$f":"E344","v":{"v":2400,"d":"2,400.00"}},{"$f":"F344","v":{"v":1000,"d":"1,000.00"}},null,{"$f":"H344","v":{"v":7340,"d":"7,340.00"}},{"$nulls":5},{"v":17616,"d":"17,616.00"}]
[null,"6.1.2","GLEBA B","M",{"$f":"E347","v":{"v":2000,"d":"2,000.00"}},{"$f":"F347","v":{"v":1000,"d":"1,000.00"}},null,{"$f":"H347","v":{"v":7340,"d":"7,340.00"}},{"$nulls":5},{"v":14680,"d":"14,680.00"}]
[null,"6.1.3","GLEBA C2","M",{"$f":"E350","v":{"v":2000,"d":"2,000.00"}},{"$f":"F350","v":{"v":1000,"d":"1,000.00"}},null,{"$f":"H350","v":{"v":7340,"d":"7,340.00"}},{"$nulls":5},{"v":14680,"d":"14,680.00"}]
[null,"6.1.4","GLEBA C3","M",{"$f":"E353","v":{"v":2000,"d":"2,000.00"}},{"$f":"F353","v":{"v":1000,"d":"1,000.00"}},null,{"$f":"H353","v":{"v":7340,"d":"7,340.00"}},{"$nulls":5},{"v":14680,"d":"14,680.00"}]
[null,"6.1.5","GLEBA D","M",{"$f":"E356","v":{"v":0,"d":"0.00"}},{"$f":"F356","v":{"v":0,"d":"0.00"}},null,{"$f":"H356","v":{"v":0,"d":"0.00"}},{"$nulls":5},{"v":0,"d":"0.00"}]
[null,"6.1.6","GLEBA F","M",{"$f":"E359","v":{"v":0,"d":"0.00"}},{"$f":"F359","v":{"v":0,"d":"0.00"}},null,{"$f":"H359","v":{"v":0,"d":"0.00"}},{"$nulls":5},{"v":0,"d":"0.00"}]
[null,"6.1.7","GLEBA SP","M",{"$f":"E362","v":{"v":0,"d":"0.00"}},{"$f":"F362","v":{"v":0,"d":"0.00"}},null,{"$f":"H362","v":{"v":0,"d":"0.00"}},{"$nulls":5},{"v":0,"d":"0.00"}]
[null,"6.2","SUBSTITUIÇÃO OU EXECUÇÃO DE PLACAS DE CONCRETO","M3",{"$f":"SUM(E38:E44)","v":{"v":25.6,"d":"25.60"}},{"$f":"SUM(F38:F44)","v":12.93},null,{"$f":"SUM(H38:H44)","v":{"v":7158.8238,"d":"7,158.82"}},{"$nulls":5},{"v":14245.6718,"d":"14,245.67"},{"v":14245.12,"d":"14,245.12"}]
[null,"6.2.1","GLEBA A","M3",{"$f":"E367","v":{"v":8,"d":"8.00"}},{"$f":"F367","v":{"v":3.5,"d":"3.50"}},null,{"$f":"H367","v":{"v":1937.81,"d":"1,937.81"}},{"$nulls":5},{"v":4152.45,"d":"4,152.45"}]
[null,"6.2.2","GLEBA B","M3",{"$f":"E370","v":{"v":6,"d":"6.00"}},{"$f":"F370","v":{"v":3.5,"d":"3.50"}},null,{"$f":"H370","v":{"v":1937.81,"d":"1,937.81"}},{"$nulls":5},{"v":3598.79,"d":"3,598.79"}]
[null,"6.2.3","GLEBA C2","M3",{"$f":"E373","v":{"v":9.6,"d":"9.60"}},{"$f":"F373","v":{"v":4.8,"d":"4.80"}},null,{"$f":"H373","v":{"v":2657.5679999999998,"d":"2,657.57"}},{"$nulls":5},{"v":5315.1359999999995,"d":"5,315.14"}]
[null,"6.2.4","GLEBA C3","M3",{"$f":"E376","v":{"v":2,"d":"2.00"}},{"$f":"F376","v":1.13},null,{"$f":"H376","v":{"v":625.6357999999999,"d":"625.64"}},{"$nulls":5},{"v":1179.2957999999999,"d":"1,179.30"}]
[null,"6.2.5","GLEBA D","M3",{"$f":"E379","v":{"v":0,"d":"0.00"}},{"$f":"F379","v":{"v":0,"d":"0.00"}},null,{"$f":"H379","v":{"v":0,"d":"0.00"}}]
[null,"6.2.6","GLEBA F","M3",{"$f":"E382","v":{"v":0,"d":"0.00"}},{"$f":"F382","v":{"v":0,"d":"0.00"}},null,{"$f":"H382","v":{"v":0,"d":"0.00"}}]
[null,"6.2.7","GLEBA SP","M3",{"$f":"E385","v":{"v":0,"d":"0.00"}},{"$f":"F385","v":{"v":0,"d":"0.00"}},null,{"$f":"H385","v":{"v":0,"d":"0.00"}}]
[]
[null,1,"ROÇAGEM DE VEGETAÇÃO",null,{"$f":"E47+E53+E57+E90+E112+E136+E140+E185","v":{"v":246398.45,"d":"246,398.45"}},{"$f":"F47+F53+F57+F90+F112+F136+F140+F185","v":{"v":279515.60000000003,"d":"279,515.60"}},null,{"$f":"H47+H53+H57+H90+H112+H136+H140+H185","v":{"v":202076.44499999998,"d":"202,076.45"}},{"$nulls":5},{"$f":"H46+H428","v":{"v":358811.8691,"d":"358,811.87"}}]
[null,"1.1","CP-1 E CP-2","m",{"$f":"SUM(E48:E51)","v":{"v":31721.8,"d":"31,721.80"}},{"$f":"SUM(F48:F51)","v":{"v":31721.8,"d":"31,721.80"}},null,{"$f":"SUM(H48:H51)","v":{"v":20143.343,"d":"20,143.34"}},{"$nulls":5},{"v":36638.679000000004,"d":"36,638.68"}]
[null,"1.1.1","CP-1 (1ª roçada)","m",{"v":7186.9,"d":"7,186.90"},{"v":7186.9,"d":"7,186.90"},0.75,{"$f":"G48*F48","v":{"v":5390.174999999999,"d":"5,390.18"}},{"$nulls":5},{"v":9127.363,"d":"9,127.36"}]
[null,"1.1.2","CP-2 (1ª roçada)","m",{"v":8674,"d":"8,674.00"},{"v":8674,"d":"8,674.00"},{"$f":"G48","v":0.75},{"$f":"G49*F49","v":{"v":6505.5,"d":"6,505.50"}},{"$nulls":5},{"v":11015.98,"d":"11,015.98"}]
[null,"1.1.1","CP-1 (2ª roçada)","m",{"v":7186.9,"d":"7,186.90"},{"v":7186.9,"d":"7,186.90"},0.52,{"$f":"G50*F50","v":{"v":3737.188,"d":"3,737.19"}},{"$nulls":5},{"v":7474.376,"d":"7,474.38"}]
[null,"1.1.2","CP-2 (2ª roçada)","m",{"v":8674,"d":"8,674.00"},{"v":8674,"d":"8,674.00"},{"$f":"G50","v":0.52},{"$f":"G51*F51","v":{"v":4510.4800000000005,"d":"4,510.48"}},{"$nulls":5},{"v":9020.960000000001,"d":"9,020.96"}]
[{"$nulls":13},{"v":0,"d":"0.00"}]
[null,"1.2","L.11 E L.11.2","m",{"$f":"SUM(E54:E55)","v":{"v":4800,"d":"4,800.00"}},{"$f":"SUM(F54:F55)","v":{"v":4800,"d":"4,800.00"}},null,{"$f":"SUM(H54:H55)","v":{"v":2736,"d":"2,736.00"}},{"$nulls":5},{"v":5232,"d":"5,232.00"}]
[null,"1.2.1","L.11","m",{"v":900,"d":"900.00"},{"v":900,"d":"900.00"},0.57,{"$f":"G54*F54","v":{"v":513,"d":"513.00"}},{"$nulls":5},{"v":981,"d":"981.00"}]
[null,"1.2.2","L.11.2","m",{"v":3900,"d":"3,900.00"},{"v":3900,"d":"3,900.00"},{"$f":"G54","v":0.57},{"v":2223,"d":"2,223.00"},{"$nulls":5},{"v":4251,"d":"4,251.00"}]
[{"$nulls":13},{"v":0,"d":"0.00"}]
[null,"1.3","GLEBA A","m",{"$f":"SUM(E58:E88)","v":{"v":66498.47,"d":"66,498.47"}},{"$f":"SUM(F58:F88)","v":{"v":66498.47,"d":"66,498.47"}},null,{"$f":"SUM(H58:H88)","v":{"v":47878.898400000005,"d":"47,878.90"}},{"$nulls":5},{"v":81793.1181,"d":"81,793.12"}]
[null,"1.3.1"," CP / A2","m",{"v":10234.1,"d":"10,234.10"},{"$f":"E58","v":{"v":10234.1,"d":"10,234.10"}},0.72,{"$f":"G58*F58","v":{"v":7368.552,"d":"7,368.55"}},{"$nulls":5},{"v":12587.943,"d":"12,587.94"}]
[null,"1.3.2"," CS - 2 / A2","m",{"v":1684,"d":"1,684.00"},{"v":1684,"d":"1,684.00"},{"$f":"G$58","v":0.72},{"v":1212.48,"d":"1,212.48"},{"$nulls":5},{"v":2071.32,"d":"2,071.32"}]
[null,"1.3.3"," CT1 - S2 / A2","m",{"v":720,"d":"720.00"},{"v":720,"d":"720.00"},{"$f":"G$58","v":0.72},{"v":518.4,"d":"518.40"},{"$nulls":5},{"v":885.5999999999999,"d":"885.60"}]
[null,"1.3.4"," CT2 - S2 / A2","m",380.78,380.78,0.72,{"v":274.16159999999996,"d":"274.16"},{"$nulls":5},{"v":468.35939999999994,"d":"468.36"}]
[null,"1.3.5"," CT3 - S2 / A2","m",{"v":720,"d":"720.00"},{"v":720,"d":"720.00"},0.72,{"v":518.4,"d":"518.40"},{"$nulls":5},{"v":885.5999999999999,"d":"885.60"}]
[null,"1.3.6"," CT4 - S2 / A2","m",639.83,639.83,0.72,{"v":460.6776,"d":"460.68"},{"$nulls":5},{"v":786.9909,"d":"786.99"}]
[null,"1.3.7"," CP / A4","m",{"v":11013.73,"d":"11,013.73"},{"v":11013.73,"d":"11,013.73"},0.72,{"v":7929.8856,"d":"7,929.89"},{"$nulls":5},{"v":13546.8879,"d":"13,546.89"}]
[null,"1.3.8"," CS - 1 / A4","m",{"v":720,"d":"720.00"},{"v":720,"d":"720.00"},0.72,{"v":518.4,"d":"518.40"},{"$nulls":5},{"v":885.5999999999999,"d":"885.60"}]
[null,"1.3.9"," CS - 2 / A4","m",{"v":2520,"d":"2,520.00"},{"v":2520,"d":"2,520.00"},0.72,{"v":1814.3999999999999,"d":"1,814.40"},{"$nulls":5},{"v":3099.6,"d":"3,099.60"}]
[null,"1.3.10"," CT1 - S2 / A4","m",{"v":1840,"d":"1,840.00"},{"v":1840,"d":"1,840.00"},0.72,{"v":1324.8,"d":"1,324.80"},{"$nulls":5},{"v":2263.2,"d":"2,263.20"}]
[null,"1.3.11"," CT3 - S2 / A4","m",{"v":1280,"d":"1,280.00"},{"v":1280,"d":"1,280.00"},0.72,{"v":921.5999999999999,"d":"921.60"},{"$nulls":5},{"v":1574.3999999999999,"d":"1,574.40"}]
[null,"1.3.12"," CT4 - S2 / A4","m",{"v":440,"d":"440.00"},{"v":440,"d":"440.00"},0.72,{"v":316.8,"d":"316.80"},{"$nulls":5},{"v":541.2,"d":"541.20"}]
[null,"1.3.13"," CT5 - S2 / A4","m",{"v":720,"d":"720.00"},{"v":720,"d":"720.00"},0.72,{"v":518.4,"d":"518.40"},{"$nulls":5},{"v":885.5999999999999,"d":"885.60"}]
[null,"1.3.14"," CT6 - S2 / A4","m",{"v":720,"d":"720.00"},{"v":720,"d":"720.00"},0.72,{"v":518.4,"d":"518.40"},{"$nulls":5},{"v":885.5999999999999,"d":"885.60"}]
[null,"1.3.15"," CS - 4 / A4","m",{"v":5282.03,"d":"5,282.03"},{"v":5282.03,"d":"5,282.03"},0.72,{"v":3803.0615999999995,"d":"3,803.06"},{"$nulls":5},{"v":6496.8969,"d":"6,496.90"}]
[null,"1.3.16"," CT1 - S4 / A4","m",{"v":600,"d":"600.00"},{"v":600,"d":"600.00"},0.72,{"v":432,"d":"432.00"},{"$nulls":5},{"v":738,"d":"738.00"}]
[null,"1.3.17"," CT2 - S4 / A4","m",{"v":990,"d":"990.00"},{"v":990,"d":"990.00"},0.72,{"v":712.8,"d":"712.80"},{"$nulls":5},{"v":1217.7,"d":"1,217.70"}]
[null,"1.3.18"," CT3 - S4 / A4","m",{"v":800,"d":"800.00"},{"v":800,"d":"800.00"},0.72,{"v":576,"d":"576.00"},{"$nulls":5},{"v":984,"d":"984.00"}]
[null,"1.3.19"," CT4 - S4 / A4","m",{"v":1550,"d":"1,550.00"},{"v":1550,"d":"1,550.00"},0.72,{"v":1116,"d":"1,116.00"},{"$nulls":5},{"v":1906.5,"d":"1,906.50"}]
[null,"1.3.20"," CT5 - S4 / A4","m",{"v":1410,"d":"1,410.00"},{"v":1410,"d":"1,410.00"},0.72,{"v":1015.1999999999999,"d":"1,015.20"},{"$nulls":5},{"v":1734.3,"d":"1,734.30"}]
[null,"1.3.21"," CT6 - S4 / A4","m",{"v":2200,"d":"2,200.00"},{"v":2200,"d":"2,200.00"},0.72,{"v":1584,"d":"1,584.00"},{"$nulls":5},{"v":2706,"d":"2,706.00"}]
[null,"1.3.22"," CT7 - S4 / A4","m",{"v":1690,"d":"1,690.00"},{"v":1690,"d":"1,690.00"},0.72,{"v":1216.8,"d":"1,216.80"},{"$nulls":5},{"v":2078.7,"d":"2,078.70"}]
[null,"1.3.23"," CS - 6 / A4","m",{"v":3364,"d":"3,364.00"},{"v":3364,"d":"3,364.00"},0.72,{"v":2422.08,"d":"2,422.08"},{"$nulls":5},{"v":4137.72,"d":"4,137.72"}]
[null,"1.3.24"," CT1 - S6 / A4","m",{"v":2110,"d":"2,110.00"},{"v":2110,"d":"2,110.00"},0.72,{"v":1519.2,"d":"1,519.20"},{"$nulls":5},{"v":2595.3,"d":"2,595.30"}]
[null,"1.3.25"," CT2 - S6 / A4","m",{"v":1980,"d":"1,980.00"},{"v":1980,"d":"1,980.00"},0.72,{"v":1425.6,"d":"1,425.60"},{"$nulls":5},{"v":2435.4,"d":"2,435.40"}]
[null,"1.3.26"," CT3 - S6 / A4","m",{"v":1970,"d":"1,970.00"},{"v":1970,"d":"1,970.00"},0.72,{"v":1418.3999999999999,"d":"1,418.40"},{"$nulls":5},{"v":2423.1,"d":"2,423.10"}]
[null,"1.3.27"," CT4 - S6 / A4","m",{"v":1600,"d":"1,600.00"},{"v":1600,"d":"1,600.00"},0.72,{"v":1152,"d":"1,152.00"},{"$nulls":5},{"v":1968,"d":"1,968.00"}]
[null,"1.3.28"," CT5 - S6 / A4","m",{"v":1830,"d":"1,830.00"},{"v":1830,"d":"1,830.00"},0.72,{"v":1317.6,"d":"1,317.60"},{"$nulls":5},{"v":2250.9,"d":"2,250.90"}]
[null,"1.3.29"," CT6 - S6 / A4","m",{"v":1970,"d":"1,970.00"},{"v":1970,"d":"1,970.00"},0.72,{"v":1418.3999999999999,"d":"1,418.40"},{"$nulls":5},{"v":2423.1,"d":"2,423.10"}]
[null,"1.3.30"," CT7 - S6 / A4","m",{"v":1830,"d":"1,830.00"},{"v":1830,"d":"1,830.00"},0.72,{"v":1317.6,"d":"1,317.60"},{"$nulls":5},{"v":2250.9,"d":"2,250.90"}]
[null,"1.3.31"," CT8 - S6 / A4","m",{"v":1690,"d":"1,690.00"},{"v":1690,"d":"1,690.00"},0.72,{"v":1216.8,"d":"1,216.80"},{"$nulls":5},{"v":2078.7,"d":"2,078.70"}]
[]
[null,"1.4","GLEBA B","m",{"$f":"SUM(E91:E110)","v":{"v":28987.86,"d":"28,987.86"}},{"$f":"SUM(F91:F110)","v":{"v":28987.86,"d":"28,987.86"}},null,{"$f":"SUM(H91:H110)","v":{"v":20871.259199999997,"d":"20,871.26"}},{"$nulls":5},{"$f":"H90+H472","v":{"v":35365.18919999999,"d":"35,365.19"}}]
[null,"1.4.1"," ADUTOR / B","m",{"v":383.8,"d":"383.80"},{"$f":"E91","v":{"v":383.8,"d":"383.80"}},0.72,{"$f":"G91*F91","v":{"v":276.336,"d":"276.34"}},{"$nulls":5},{"v":468.236,"d":"468.24"}]
[null,"1.4.2"," PULMÃO / B","m",335.21,335.21,{"$f":"G$91","v":0.72},{"v":241.35119999999998,"d":"241.35"},{"$nulls":5},{"v":408.95619999999997,"d":"408.96"}]
[null,"1.4.3"," CP / B","m",{"v":8900.53,"d":"8,900.53"},{"v":8900.53,"d":"8,900.53"},{"$f":"G$91","v":0.72},{"v":6408.381600000001,"d":"6,408.38"},{"$nulls":5},{"v":10858.6466,"d":"10,858.65"}]
[null,"1.4.4"," CS - 1 / B","m",{"v":380,"d":"380.00"},{"v":380,"d":"380.00"},0.72,{"v":273.59999999999997,"d":"273.60"},{"$nulls":5},{"v":463.59999999999997,"d":"463.60"}]
[null,"1.4.5"," CS - 3 / B","m",{"v":980,"d":"980.00"},{"v":980,"d":"980.00"},0.72,{"v":705.6,"d":"705.60"},{"$nulls":5},{"v":1195.6,"d":"1,195.60"}]
[null,"1.4.6"," CS - 5 / B","m",{"v":140,"d":"140.00"},{"v":140,"d":"140.00"},0.72,{"v":100.8,"d":"100.80"},{"$nulls":5},{"v":170.8,"d":"170.80"}]
[null,"1.4.7"," CS - 6 / B","m",{"v":425,"d":"425.00"},{"v":425,"d":"425.00"},0.72,{"v":306,"d":"306.00"},{"$nulls":5},{"v":518.5,"d":"518.50"}]
[null,"1.4.8"," CS - 7 / B","m",{"v":740,"d":"740.00"},{"v":740,"d":"740.00"},0.72,{"v":532.8,"d":"532.80"},{"$nulls":5},{"v":902.8,"d":"902.80"}]
[null,"1.4.9"," CS - 8 / B","m",{"v":480,"d":"480.00"},{"v":480,"d":"480.00"},0.72,{"v":345.59999999999997,"d":"345.60"},{"$nulls":5},{"v":585.5999999999999,"d":"585.60"}]
[null,"1.4.10"," CS - 9 / B","m",{"v":1600,"d":"1,600.00"},{"v":1600,"d":"1,600.00"},0.72,{"v":1152,"d":"1,152.00"},{"$nulls":5},{"v":1952,"d":"1,952.00"}]
[null,"1.4.11"," CS - 12 / B","m",{"v":2920.39,"d":"2,920.39"},{"v":2920.39,"d":"2,920.39"},0.72,{"v":2102.6807999999996,"d":"2,102.68"},{"$nulls":5},{"v":3562.8758,"d":"3,562.88"}]
[null,"1.4.12"," CS - 13 / B","m",{"v":1881.85,"d":"1,881.85"},{"v":1881.85,"d":"1,881.85"},0.72,{"v":1354.9319999999998,"d":"1,354.93"},{"$nulls":5},{"v":2295.857,"d":"2,295.86"}]
[null,"1.4.13"," CS - 14 / B","m",{"v":1700,"d":"1,700.00"},{"v":1700,"d":"1,700.00"},0.72,{"v":1224,"d":"1,224.00"},{"$nulls":5},{"v":2074,"d":"2,074.00"}]
[null,"1.4.14"," CS - 15 / B","m",{"v":1414,"d":"1,414.00"},{"v":1414,"d":"1,414.00"},0.72,{"v":1018.0799999999999,"d":"1,018.08"},{"$nulls":5},{"v":1725.08,"d":"1,725.08"}]
[null,"1.4.15"," CS - 16 / B","m",{"v":1694,"d":"1,694.00"},{"v":1694,"d":"1,694.00"},0.72,{"v":1219.68,"d":"1,219.68"},{"$nulls":5},{"v":2066.6800000000003,"d":"2,066.68"}]
[null,"1.4.16"," CS - 17 / B","m",{"v":1140,"d":"1,140.00"},{"v":1140,"d":"1,140.00"},0.72,{"v":820.8,"d":"820.80"},{"$nulls":5},{"v":1390.8,"d":"1,390.80"}]
[null,"1.4.17"," CS - 18 / B","m",{"v":440,"d":"440.00"},{"v":440,"d":"440.00"},0.72,{"v":316.8,"d":"316.80"},{"$nulls":5},{"v":536.8,"d":"536.80"}]
[null,"1.4.18"," CS - 19 / B","m",{"v":1004,"d":"1,004.00"},{"v":1004,"d":"1,004.00"},0.72,722.88,{"$nulls":5},{"v":1224.88,"d":"1,224.88"}]
[null,"1.4.19"," CT1 - S19 / B","m",{"v":430,"d":"430.00"},{"v":430,"d":"430.00"},0.72,{"v":309.59999999999997,"d":"309.60"},{"$nulls":5},{"v":524.5999999999999,"d":"524.60"}]
[null,"1.4.20"," CS - 21 / B","m",{"v":1999.08,"d":"1,999.08"},{"v":1999.08,"d":"1,999.08"},0.72,{"v":1439.3375999999998,"d":"1,439.34"},{"$nulls":5},{"v":2438.8776,"d":"2,438.88"}]
[]
[null,"1.5","GLEBA C2","m",{"$f":"SUM(E113:E134)","v":{"v":76263.29999999999,"d":"76,263.30"}},{"$f":"SUM(F113:F134)","v":{"v":76263.29999999999,"d":"76,263.30"}},null,{"$f":"SUM(H113:H134)","v":{"v":62535.906,"d":"62,535.91"}},{"$nulls":5},{"$f":"H112+H494","v":{"v":115920.216,"d":"115,920.22"}}]
[null,"1.5.1"," CP / C2","m",{"v":15539.31,"d":"15,539.31"},{"v":15539.31,"d":"15,539.31"},0.82,{"$f":"G113*F113","v":{"v":12742.234199999999,"d":"12,742.23"}},{"$nulls":5},{"v":23619.7512,"d":"23,619.75"}]
[null,"1.5.2"," CS - 1 / C2","m",{"v":2829.67,"d":"2,829.67"},{"v":2829.67,"d":"2,829.67"},{"$f":"G$113","v":0.82},{"v":2320.3294,"d":"2,320.33"},{"$nulls":5},{"v":4301.0984,"d":"4,301.10"}]
[null,"1.5.3"," CS - 2 / C2","m",{"v":1484,"d":"1,484.00"},{"v":1484,"d":"1,484.00"},{"$f":"G$113","v":0.82},{"v":1216.8799999999999,"d":"1,216.88"},{"$nulls":5},{"v":2255.68,"d":"2,255.68"}]
[null,"1.5.4"," CS - 3 / C2","m",{"v":5683.27,"d":"5,683.27"},{"v":5683.27,"d":"5,683.27"},0.82,{"v":4660.2814,"d":"4,660.28"},{"$nulls":5},{"v":8638.5704,"d":"8,638.57"}]
[null,"1.5.5"," CS - 4 / C2","m",{"v":1477,"d":"1,477.00"},{"v":1477,"d":"1,477.00"},0.82,{"v":1211.1399999999999,"d":"1,211.14"},{"$nulls":5},{"v":2245.04,"d":"2,245.04"}]
[null,"1.5.6"," CS - 5 / C2","m",{"v":3959,"d":"3,959.00"},{"v":3959,"d":"3,959.00"},0.82,{"v":3246.3799999999997,"d":"3,246.38"},{"$nulls":5},{"v":6017.679999999999,"d":"6,017.68"}]
[null,"1.5.7"," CS - 6 / C2","m",{"v":2002,"d":"2,002.00"},{"v":2002,"d":"2,002.00"},0.82,{"v":1641.6399999999999,"d":"1,641.64"},{"$nulls":5},{"v":3043.04,"d":"3,043.04"}]
[null,"1.5.8"," CS - 7 / C2","m",{"v":4720.25,"d":"4,720.25"},{"v":4720.25,"d":"4,720.25"},0.82,{"v":3870.6049999999996,"d":"3,870.61"},{"$nulls":5},{"v":7174.779999999999,"d":"7,174.78"}]
[null,"1.5.9"," CT1 - S7 / C2","m",{"v":1135,"d":"1,135.00"},{"v":1135,"d":"1,135.00"},0.82,{"v":930.6999999999999,"d":"930.70"},{"$nulls":5},{"v":1725.1999999999998,"d":"1,725.20"}]
[null,"1.5.10"," CS - 8 / C2","m",{"v":2002,"d":"2,002.00"},{"v":2002,"d":"2,002.00"},0.82,{"v":1641.6399999999999,"d":"1,641.64"},{"$nulls":5},{"v":3043.04,"d":"3,043.04"}]
[null,"1.5.11"," CS - 9 / C2","m",{"v":5222.57,"d":"5,222.57"},{"v":5222.57,"d":"5,222.57"},0.82,{"v":4282.5073999999995,"d":"4,282.51"},{"$nulls":5},{"v":7938.3063999999995,"d":"7,938.31"}]
[null,"1.5.12"," CS - 10 / C2","m",{"v":2002,"d":"2,002.00"},{"v":2002,"d":"2,002.00"},0.82,{"v":1641.6399999999999,"d":"1,641.64"},{"$nulls":5},{"v":3043.04,"d":"3,043.04"}]
[null,"1.5.13"," CS - 11 / C2","m",{"v":6910.9,"d":"6,910.90"},{"v":6910.9,"d":"6,910.90"},0.82,{"v":5666.937999999999,"d":"5,666.94"},{"$nulls":5},{"v":10504.568,"d":"10,504.57"}]
[null,"1.5.14"," CT1 - S11 / C2","m",{"v":2352.5,"d":"2,352.50"},{"v":2352.5,"d":"2,352.50"},0.82,{"v":1929.05,"d":"1,929.05"},{"$nulls":5},{"v":3575.8,"d":"3,575.80"}]
[null,"1.5.15"," CT2 - S11 / C2","m",{"v":1110,"d":"1,110.00"},{"v":1110,"d":"1,110.00"},0.82,{"v":910.1999999999999,"d":"910.20"},{"$nulls":5},{"v":1687.1999999999998,"d":"1,687.20"}]
[null,"1.5.16"," CT3 - S11 / C2","m",{"v":3632.59,"d":"3,632.59"},{"v":3632.59,"d":"3,632.59"},0.82,{"v":2978.7237999999998,"d":"2,978.72"},{"$nulls":5},{"v":5521.5368,"d":"5,521.54"}]
[null,"1.5.17"," CQ1 - T3 - S11 / C2","m",{"v":2826.2,"d":"2,826.20"},{"v":2826.2,"d":"2,826.20"},0.82,{"v":2317.484,"d":"2,317.48"},{"$nulls":5},{"v":4295.824,"d":"4,295.82"}]
[null,"1.5.18"," CS - 12 / C2","m",{"v":2850.04,"d":"2,850.04"},{"v":2850.04,"d":"2,850.04"},0.82,{"v":2337.0328,"d":"2,337.03"},{"$nulls":5},{"v":4332.060799999999,"d":"4,332.06"}]
[null,"1.5.19"," CT1 - S12 / C2","m",{"v":495,"d":"495.00"},{"v":495,"d":"495.00"},0.82,{"v":405.9,"d":"405.90"},{"$nulls":5},{"v":752.4,"d":"752.40"}]
[null,"1.5.20"," CS - 13 / C2","m",{"v":5031,"d":"5,031.00"},{"v":5031,"d":"5,031.00"},0.82,{"v":4125.42,"d":"4,125.42"},{"$nulls":5},{"v":7647.12,"d":"7,647.12"}]
[null,"1.5.21"," CS - 14 / C2","m",{"v":1280,"d":"1,280.00"},{"v":1280,"d":"1,280.00"},0.82,{"v":1049.6,"d":"1,049.60"},{"$nulls":5},{"v":1945.6,"d":"1,945.60"}]
[null,"1.5.22"," CS - 16 / C2","m",{"v":1719,"d":"1,719.00"},{"v":1719,"d":"1,719.00"},0.82,{"v":1409.58,"d":"1,409.58"},{"$nulls":5},{"v":2612.88,"d":"2,612.88"}]
[]
[null,"1.6","GLEBA C3","m",{"$f":"SUM(E137:E138)","v":{"v":5009.87,"d":"5,009.87"}},{"$f":"SUM(F137:F138)","v":{"v":5009.87,"d":"5,009.87"}},null,{"$f":"SUM(H137:H138)","v":{"v":2605.1324,"d":"2,605.13"}},{"$nulls":5},{"$f":"H136+H518","v":{"v":4709.2778,"d":"4,709.28"}}]
[null,"1.6.1"," CP / C3","m",{"v":3209.87,"d":"3,209.87"},{"v":3209.87,"d":"3,209.87"},0.52,{"$f":"G137*F137","v":{"v":1669.1324,"d":"1,669.13"}},{"$nulls":5},{"$f":"H137+H519","v":{"v":3017.2778,"d":"3,017.28"}}]
[null,"1.6.2"," CS - 1 / C3","m",{"v":1800,"d":"1,800.00"},{"v":1800,"d":"1,800.00"},{"$f":"G137","v":0.52},{"v":936,"d":"936.00"},{"$nulls":5},{"$f":"H138+H520","v":{"v":1692,"d":"1,692.00"}}]
[]
[null,"1.7","GLEBA D","m",{"$f":"SUM(E141:E183)","v":{"v":27505.45,"d":"27,505.45"}},{"$f":"SUM(F141:F183)","v":{"v":55010.9,"d":"55,010.90"}},null,{"$f":"SUM(H141:H183)","v":{"v":41808.284,"d":"41,808.28"}},{"$nulls":5},{"$f":"H140+H522","v":{"v":72064.27900000001,"d":"72,064.28"}}]
[null,"1.7.1","L.1","m",{"v":414.4,"d":"414.40"},{"$f":"E141*2","v":{"v":828.8,"d":"828.80"}},0.76,{"$f":"G141*F141","v":{"v":629.8879999999999,"d":"629.89"}},{"$nulls":5},{"v":1085.728,"d":"1,085.73"}]
[null,"1.7.2","L.1.1","m",{"v":781,"d":"781.00"},{"$f":"E142*2","v":{"v":1562,"d":"1,562.00"}},{"$f":"G141","v":0.76},{"v":1187.1200000000001,"d":"1,187.12"},{"$nulls":5},{"v":2046.2200000000003,"d":"2,046.22"}]
[null,"1.7.3","L.1.2","m",{"v":906,"d":"906.00"},{"$f":"E143*2","v":{"v":1812,"d":"1,812.00"}},{"$f":"G142","v":0.76},{"v":1377.1200000000001,"d":"1,377.12"},{"$nulls":5},{"v":2373.7200000000003,"d":"2,373.72"}]
[null,"1.7.4","L.3","m",{"v":3566.3,"d":"3,566.30"},{"v":7132.6,"d":"7,132.60"},0.76,{"v":5420.776000000001,"d":"5,420.78"},{"$nulls":5},{"v":9343.706000000002,"d":"9,343.71"}]
[null,"1.7.5","L.3.1","m",{"v":135.4,"d":"135.40"},{"v":270.8,"d":"270.80"},0.76,{"v":205.80800000000002,"d":"205.81"},{"$nulls":5},{"v":354.74800000000005,"d":"354.75"}]
[null,"1.7.6","L.3.1.1","m",{"v":58.5,"d":"58.50"},{"v":117,"d":"117.00"},0.76,88.92,{"$nulls":5},153.27]
[null,"1.7.7","L.3.1.2","m",{"v":165.9,"d":"165.90"},{"v":331.8,"d":"331.80"},0.76,{"v":252.168,"d":"252.17"},{"$nulls":5},{"v":434.658,"d":"434.66"}]
[null,"1.7.8","L.3.2","m",{"v":193,"d":"193.00"},{"v":386,"d":"386.00"},0.76,293.36,{"$nulls":5},505.66]
[null,"1.7.9","L.3.3","m",{"v":95.9,"d":"95.90"},{"v":191.8,"d":"191.80"},0.76,{"v":145.768,"d":"145.77"},{"$nulls":5},{"v":251.258,"d":"251.26"}]
[null,"1.7.10","L.3.4","m",{"v":253.8,"d":"253.80"},{"v":507.6,"d":"507.60"},0.76,{"v":385.776,"d":"385.78"},{"$nulls":5},{"v":664.956,"d":"664.96"}]
[null,"1.7.11","L.3.5","m",{"v":856.6,"d":"856.60"},{"v":1713.2,"d":"1,713.20"},0.76,{"v":1302.0320000000002,"d":"1,302.03"},{"$nulls":5},{"v":2244.2920000000004,"d":"2,244.29"}]
[null,"1.7.12","L.4","m",416.25,{"v":832.5,"d":"832.50"},0.76,{"v":632.7,"d":"632.70"},{"$nulls":5},{"v":1090.575,"d":"1,090.58"}]
[null,"1.7.13","L.5","m",299.85,{"v":599.7,"d":"599.70"},0.76,{"v":455.77200000000005,"d":"455.77"},{"$nulls":5},{"v":785.6070000000001,"d":"785.61"}]
[null,"1.7.14","L.6","m",{"v":541.5,"d":"541.50"},{"v":1083,"d":"1,083.00"},0.76,823.08,{"$nulls":5},{"v":1418.73,"d":"1,418.73"}]
[null,"1.7.15","L.8","m",{"v":4330.8,"d":"4,330.80"},{"v":8661.6,"d":"8,661.60"},0.76,{"v":6582.816000000001,"d":"6,582.82"},{"$nulls":5},{"v":11346.696000000002,"d":"11,346.70"}]
[null,"1.7.16","L.8.1","m",{"v":535.5,"d":"535.50"},{"v":1071,"d":"1,071.00"},0.76,813.96,{"$nulls":5},{"v":1403.0100000000002,"d":"1,403.01"}]
[null,"1.7.16","L.8.2","m",{"v":145.4,"d":"145.40"},{"v":290.8,"d":"290.80"},0.76,{"v":221.008,"d":"221.01"},{"$nulls":5},{"v":380.94800000000004,"d":"380.95"}]
[null,"1.7.16","L.8.3","m",{"v":2147.1,"d":"2,147.10"},{"v":4294.2,"d":"4,294.20"},0.76,{"v":3263.592,"d":"3,263.59"},{"$nulls":5},{"v":5625.402,"d":"5,625.40"}]
[null,"1.7.16","L.8.3.1","m",{"v":404.8,"d":"404.80"},{"v":809.6,"d":"809.60"},0.76,{"v":615.296,"d":"615.30"},{"$nulls":5},{"v":1060.576,"d":"1,060.58"}]
[null,"1.7.16","L.8.3.2","m",{"v":93.5,"d":"93.50"},{"v":187,"d":"187.00"},0.76,142.12,{"$nulls":5},{"v":244.97000000000003,"d":"244.97"}]
[null,"1.7.16","L.8.3.3","m",{"v":221,"d":"221.00"},{"v":442,"d":"442.00"},0.76,335.92,{"$nulls":5},579.02]
[null,"1.7.16","L.8.3.4","m",{"v":274.2,"d":"274.20"},{"v":548.4,"d":"548.40"},0.76,{"v":416.784,"d":"416.78"},{"$nulls":5},{"v":718.404,"d":"718.40"}]
[null,"1.7.16","L.8.3.6","m",{"v":95,"d":"95.00"},{"v":190,"d":"190.00"},0.76,{"v":144.4,"d":"144.40"},{"$nulls":5},{"v":248.90000000000003,"d":"248.90"}]
[null,"1.7.16","L.8.4","m",{"v":966.5,"d":"966.50"},{"v":1933,"d":"1,933.00"},0.76,{"v":1469.08,"d":"1,469.08"},{"$nulls":5},{"v":2532.23,"d":"2,532.23"}]
[null,"1.7.16","L.8.5","m",{"v":360,"d":"360.00"},{"v":720,"d":"720.00"},0.76,{"v":547.2,"d":"547.20"},{"$nulls":5},{"v":943.2,"d":"943.20"}]
[null,"1.7.16","L.8.6","m",{"v":294.5,"d":"294.50"},{"v":589,"d":"589.00"},0.76,447.64,{"$nulls":5},771.59]
[null,"1.7.16","L.8.7","m",111.25,{"v":222.5,"d":"222.50"},0.76,{"v":169.1,"d":"169.10"},{"$nulls":5},{"v":291.475,"d":"291.48"}]
[null,"1.7.16","L.8.8","m",{"v":0,"d":"0.00"},{"v":0,"d":"0.00"},0.76,{"v":0,"d":"0.00"},{"$nulls":5},{"v":0,"d":"0.00"}]
[null,"1.7.16","L.8.9","m",{"v":229,"d":"229.00"},{"v":458,"d":"458.00"},0.76,348.08,{"$nulls":5},599.98]
[null,"1.7.16","L.8.10","m",{"v":391.7,"d":"391.70"},{"v":783.4,"d":"783.40"},0.76,{"v":595.384,"d":"595.38"},{"$nulls":5},{"v":1026.254,"d":"1,026.25"}]
[null,"1.7.16","L.8.11","m",{"v":799.3,"d":"799.30"},{"v":1598.6,"d":"1,598.60"},0.76,{"v":1214.936,"d":"1,214.94"},{"$nulls":5},{"v":2094.166,"d":"2,094.17"}]
[null,"1.7.16","L.8.11.1","m",{"v":312.6,"d":"312.60"},{"v":625.2,"d":"625.20"},0.76,{"v":475.15200000000004,"d":"475.15"},{"$nulls":5},{"v":819.0120000000002,"d":"819.01"}]
[null,"1.7.16","L.8.12","m",{"v":443.2,"d":"443.20"},{"v":886.4,"d":"886.40"},0.76,{"v":673.664,"d":"673.66"},{"$nulls":5},{"v":1161.184,"d":"1,161.18"}]
[null,"1.7.16","L.8.14","m",{"v":933,"d":"933.00"},{"v":1866,"d":"1,866.00"},0.76,{"v":1418.16,"d":"1,418.16"},{"$nulls":5},{"v":2444.46,"d":"2,444.46"}]
[null,"1.7.16","L.9","m",{"v":2933.5,"d":"2,933.50"},{"v":5867,"d":"5,867.00"},0.76,{"v":4458.92,"d":"4,458.92"},{"$nulls":5},{"v":7685.77,"d":"7,685.77"}]
[null,"1.7.16","L.9.1","m",{"v":737.8,"d":"737.80"},{"v":1475.6,"d":"1,475.60"},0.76,{"v":1121.456,"d":"1,121.46"},{"$nulls":5},{"v":1933.036,"d":"1,933.04"}]
[null,"1.7.16","L.9.2","m",{"v":0,"d":"0.00"},{"v":0,"d":"0.00"},0.76,{"v":0,"d":"0.00"},{"$nulls":5},{"v":0,"d":"0.00"}]
[null,"1.7.16","L.9.4","m",{"v":0,"d":"0.00"},{"v":0,"d":"0.00"},0.76,{"v":0,"d":"0.00"},{"$nulls":5},{"v":0,"d":"0.00"}]
[null,"1.7.16","L.9.5","m",{"v":123.3,"d":"123.30"},{"v":246.6,"d":"246.60"},0.76,{"v":187.416,"d":"187.42"},{"$nulls":5},{"v":323.046,"d":"323.05"}]
[null,"1.7.16","L.10","m",{"v":1123.7,"d":"1,123.70"},{"v":2247.4,"d":"2,247.40"},0.76,{"v":1708.0240000000001,"d":"1,708.02"},{"$nulls":5},{"v":2944.094,"d":"2,944.09"}]
[null,"1.7.16","L.10.1","m",{"v":767,"d":"767.00"},{"v":1534,"d":"1,534.00"},0.76,{"v":1165.84,"d":"1,165.84"},{"$nulls":5},{"v":2009.54,"d":"2,009.54"}]
[null,"1.7.16","L.10.2","m",{"v":0,"d":"0.00"},{"v":0,"d":"0.00"},0.76,{"v":0,"d":"0.00"},{"$nulls":5},{"v":0,"d":"0.00"}]
[null,"1.7.16","L.10.3","m",{"v":47.4,"d":"47.40"},{"v":94.8,"d":"94.80"},0.76,{"v":72.048,"d":"72.05"},{"$nulls":5},{"v":124.188,"d":"124.19"}]
[]
[null,"1.8","GLEBA F ","m",{"$f":"SUM(E186:E187)","v":{"v":5611.7,"d":"5,611.70"}},{"$f":"SUM(F186:F187)","v":{"v":11223.4,"d":"11,223.40"}},null,{"$f":"SUM(H186:H187)","v":{"v":3497.622,"d":"3,497.62"}},{"$nulls":5},{"$f":"H185+H567","v":{"v":7089.11,"d":"7,089.11"}}]
[null,"1.8.1","CS - 1 / F","m",{"v":3265.05,"d":"3,265.05"},{"$f":"E186*2","v":{"v":6530.1,"d":"6,530.10"}},0.32,{"$f":"G186*F186","v":{"v":2089.632,"d":"2,089.63"}},{"$nulls":5},{"$f":"H186+H568","v":{"v":4179.264,"d":"4,179.26"}}]
[null,"1.8.2","CS - 3 / F","m",{"v":2346.6499999999996,"d":"2,346.65"},{"v":4693.299999999999,"d":"4,693.30"},{"v":0.3,"d":"0.30"},{"v":1407.9899999999998,"d":"1,407.99"},{"$nulls":5},{"$f":"H187+H569","v":{"v":2909.8459999999995,"d":"2,909.85"}}]
[]
[null,2,"COMBATE A FORMIGUEIROS EM CANAIS","m",{"$f":"E191+E224+E246+E270+E274+E319","v":{"v":209876.65000000002,"d":"209,876.65"}},{"$f":"F191+F224+F246+F270+F274+F319","v":{"v":209876.65000000002,"d":"209,876.65"}},null,{"$f":"H191+H224+H246+H270+H274+H319","v":{"v":8395.065999999999,"d":"8,395.07"}},{"$nulls":5},{"$f":"H189+H571","v":{"v":16790.131999999998,"d":"16,790.13"}}]
[]
[null,"2.1","GLEBA A","m",{"$f":"SUM(E192:E222)","v":{"v":66498.47,"d":"66,498.47"}},{"$f":"SUM(F192:F222)","v":{"v":66498.47,"d":"66,498.47"}},null,{"$f":"SUM(H192:H222)","v":{"v":2659.9387999999994,"d":"2,659.94"}},{"$nulls":5},{"$f":"H191+H573","v":{"v":5319.877599999999,"d":"5,319.88"}}]
[null,"2.1.1"," CP / A2","m",{"v":10234.1,"d":"10,234.10"},{"v":10234.1,"d":"10,234.10"},0.04,{"$f":"G192*F192","v":{"v":409.36400000000003,"d":"409.36"}},{"$nulls":5},{"v":818.7280000000001,"d":"818.73"}]
[null,"2.1.2"," CS - 2 / A2","m",{"v":1684,"d":"1,684.00"},{"v":1684,"d":"1,684.00"},{"$f":"G$192","v":0.04},67.36,{"$nulls":5},134.72]
[null,"2.1.3"," CT1 - S2 / A2","m",{"v":720,"d":"720.00"},{"v":720,"d":"720.00"},{"$f":"G$192","v":0.04},{"v":28.8,"d":"28.80"},{"$nulls":5},{"v":57.6,"d":"57.60"}]
[null,"2.1.4"," CT2 - S2 / A2","m",380.78,380.78,0.04,{"v":15.2312,"d":"15.23"},{"$nulls":5},{"v":30.4624,"d":"30.46"}]
[null,"2.1.5"," CT3 - S2 / A2","m",{"v":720,"d":"720.00"},{"v":720,"d":"720.00"},0.04,{"v":28.8,"d":"28.80"},{"$nulls":5},{"v":57.6,"d":"57.60"}]
[null,"2.1.6"," CT4 - S2 / A2","m",639.83,639.83,0.04,{"v":25.593200000000003,"d":"25.59"},{"$nulls":5},{"v":51.186400000000006,"d":"51.19"}]
[null,"2.1.7"," CP / A4","m",{"v":11013.73,"d":"11,013.73"},{"v":11013.73,"d":"11,013.73"},0.04,{"v":440.5492,"d":"440.55"},{"$nulls":5},{"v":881.0984,"d":"881.10"}]
[null,"2.1.8"," CS - 1 / A4","m",{"v":720,"d":"720.00"},{"v":720,"d":"720.00"},0.04,{"v":28.8,"d":"28.80"},{"$nulls":5},{"v":57.6,"d":"57.60"}]
[null,"2.1.9"," CS - 2 / A4","m",{"v":2520,"d":"2,520.00"},{"v":2520,"d":"2,520.00"},0.04,{"v":100.8,"d":"100.80"},{"$nulls":5},{"v":201.6,"d":"201.60"}]
[null,"2.1.10"," CT1 - S2 / A4","m",{"v":1840,"d":"1,840.00"},{"v":1840,"d":"1,840.00"},0.04,{"v":73.60000000000001,"d":"73.60"},{"$nulls":5},{"v":147.20000000000002,"d":"147.20"}]
[null,"2.1.11"," CT3 - S2 / A4","m",{"v":1280,"d":"1,280.00"},{"v":1280,"d":"1,280.00"},0.04,{"v":51.2,"d":"51.20"},{"$nulls":5},{"v":102.4,"d":"102.40"}]
[null,"2.1.12"," CT4 - S2 / A4","m",{"v":440,"d":"440.00"},{"v":440,"d":"440.00"},0.04,{"v":17.6,"d":"17.60"},{"$nulls":5},{"v":35.2,"d":"35.20"}]
[null,"2.1.13"," CT5 - S2 / A4","m",{"v":720,"d":"720.00"},{"v":720,"d":"720.00"},0.04,{"v":28.8,"d":"28.80"},{"$nulls":5},{"v":57.6,"d":"57.60"}]
[null,"2.1.14"," CT6 - S2 / A4","m",{"v":720,"d":"720.00"},{"v":720,"d":"720.00"},0.04,{"v":28.8,"d":"28.80"},{"$nulls":5},{"v":57.6,"d":"57.60"}]
[null,"2.1.15"," CS - 4 / A4","m",{"v":5282.03,"d":"5,282.03"},{"v":5282.03,"d":"5,282.03"},0.04,{"v":211.28119999999998,"d":"211.28"},{"$nulls":5},{"v":422.56239999999997,"d":"422.56"}]
[null,"2.1.16"," CT1 - S4 / A4","m",{"v":600,"d":"600.00"},{"v":600,"d":"600.00"},0.04,{"v":24,"d":"24.00"},{"$nulls":5},{"v":48,"d":"48.00"}]
[null,"2.1.17"," CT2 - S4 / A4","m",{"v":990,"d":"990.00"},{"v":990,"d":"990.00"},0.04,{"v":39.6,"d":"39.60"},{"$nulls":5},{"v":79.2,"d":"79.20"}]
[null,"2.1.18"," CT3 - S4 / A4","m",{"v":800,"d":"800.00"},{"v":800,"d":"800.00"},0.04,{"v":32,"d":"32.00"},{"$nulls":5},{"v":64,"d":"64.00"}]
[null,"2.1.19"," CT4 - S4 / A4","m",{"v":1550,"d":"1,550.00"},{"v":1550,"d":"1,550.00"},0.04,{"v":62,"d":"62.00"},{"$nulls":5},{"v":124,"d":"124.00"}]
[null,"2.1.20"," CT5 - S4 / A4","m",{"v":1410,"d":"1,410.00"},{"v":1410,"d":"1,410.00"},0.04,{"v":56.4,"d":"56.40"},{"$nulls":5},{"v":112.8,"d":"112.80"}]
[null,"2.1.21"," CT6 - S4 / A4","m",{"v":2200,"d":"2,200.00"},{"v":2200,"d":"2,200.00"},0.04,{"v":88,"d":"88.00"},{"$nulls":5},{"v":176,"d":"176.00"}]
[null,"2.1.22"," CT7 - S4 / A4","m",{"v":1690,"d":"1,690.00"},{"v":1690,"d":"1,690.00"},0.04,{"v":67.6,"d":"67.60"},{"$nulls":5},{"v":135.2,"d":"135.20"}]
[null,"2.1.23"," CS - 6 / A4","m",{"v":3364,"d":"3,364.00"},{"v":3364,"d":"3,364.00"},0.04,134.56,{"$nulls":5},269.12]
[null,"2.1.24"," CT1 - S6 / A4","m",{"v":2110,"d":"2,110.00"},{"v":2110,"d":"2,110.00"},0.04,{"v":84.4,"d":"84.40"},{"$nulls":5},{"v":168.8,"d":"168.80"}]
[null,"2.1.25"," CT2 - S6 / A4","m",{"v":1980,"d":"1,980.00"},{"v":1980,"d":"1,980.00"},0.04,{"v":79.2,"d":"79.20"},{"$nulls":5},{"v":158.4,"d":"158.40"}]
[null,"2.1.26"," CT3 - S6 / A4","m",{"v":1970,"d":"1,970.00"},{"v":1970,"d":"1,970.00"},0.04,{"v":78.8,"d":"78.80"},{"$nulls":5},{"v":157.6,"d":"157.60"}]
[null,"2.1.27"," CT4 - S6 / A4","m",{"v":1600,"d":"1,600.00"},{"v":1600,"d":"1,600.00"},0.04,{"v":64,"d":"64.00"},{"$nulls":5},{"v":128,"d":"128.00"}]
[null,"2.1.28"," CT5 - S6 / A4","m",{"v":1830,"d":"1,830.00"},{"v":1830,"d":"1,830.00"},0.04,{"v":73.2,"d":"73.20"},{"$nulls":5},{"v":146.4,"d":"146.40"}]
[null,"2.1.29"," CT6 - S6 / A4","m",{"v":1970,"d":"1,970.00"},{"v":1970,"d":"1,970.00"},0.04,{"v":78.8,"d":"78.80"},{"$nulls":5},{"v":157.6,"d":"157.60"}]
[null,"2.1.30"," CT7 - S6 / A4","m",{"v":1830,"d":"1,830.00"},{"v":1830,"d":"1,830.00"},0.04,{"v":73.2,"d":"73.20"},{"$nulls":5},{"v":146.4,"d":"146.40"}]
[null,"2.1.31"," CT8 - S6 / A4","m",{"v":1690,"d":"1,690.00"},{"v":1690,"d":"1,690.00"},0.04,{"v":67.6,"d":"67.60"},{"$nulls":5},{"v":135.2,"d":"135.20"}]
[]
[null,"2.2","GLEBA B","m",{"$f":"SUM(E225:E244)","v":{"v":28987.86,"d":"28,987.86"}},{"$f":"SUM(F225:F244)","v":{"v":28987.86,"d":"28,987.86"}},null,{"$f":"SUM(H225:H244)","v":{"v":1159.5144,"d":"1,159.51"}},{"$nulls":5},{"$f":"H224+H606","v":{"v":2319.0288,"d":"2,319.03"}}]
[null,"2.2.1"," ADUTOR / B","m",{"v":383.8,"d":"383.80"},{"v":383.8,"d":"383.80"},0.04,{"$f":"G225*F225","v":{"v":15.352,"d":"15.35"}},{"$nulls":5},{"v":30.704,"d":"30.70"}]
[null,"2.2.2"," PULMÃO / B","m",335.21,335.21,{"$f":"G225","v":0.04},{"v":13.4084,"d":"13.41"},{"$nulls":5},{"v":26.8168,"d":"26.82"}]
[null,"2.2.3"," CP / B","m",{"v":8900.53,"d":"8,900.53"},{"v":8900.53,"d":"8,900.53"},{"$f":"G226","v":0.04},{"v":356.0212,"d":"356.02"},{"$nulls":5},{"v":712.0424,"d":"712.04"}]
[null,"2.2.4"," CS - 1 / B","m",{"v":380,"d":"380.00"},{"v":380,"d":"380.00"},0.04,{"v":15.200000000000001,"d":"15.20"},{"$nulls":5},{"v":30.400000000000002,"d":"30.40"}]
[null,"2.2.5"," CS - 3 / B","m",{"v":980,"d":"980.00"},{"v":980,"d":"980.00"},0.04,{"v":39.2,"d":"39.20"},{"$nulls":5},{"v":78.4,"d":"78.40"}]
[null,"2.2.6"," CS - 5 / B","m",{"v":140,"d":"140.00"},{"v":140,"d":"140.00"},0.04,{"v":5.6000000000000005,"d":"5.60"},{"$nulls":5},{"v":11.200000000000001,"d":"11.20"}]
[null,"2.2.7"," CS - 6 / B","m",{"v":425,"d":"425.00"},{"v":425,"d":"425.00"},0.04,{"v":17,"d":"17.00"},{"$nulls":5},{"v":34,"d":"34.00"}]
[null,"2.2.8"," CS - 7 / B","m",{"v":740,"d":"740.00"},{"v":740,"d":"740.00"},0.04,{"v":29.6,"d":"29.60"},{"$nulls":5},{"v":59.2,"d":"59.20"}]
[null,"2.2.9"," CS - 8 / B","m",{"v":480,"d":"480.00"},{"v":480,"d":"480.00"},0.04,{"v":19.2,"d":"19.20"},{"$nulls":5},{"v":38.4,"d":"38.40"}]
[null,"2.2.10"," CS - 9 / B","m",{"v":1600,"d":"1,600.00"},{"v":1600,"d":"1,600.00"},0.04,{"v":64,"d":"64.00"},{"$nulls":5},{"v":128,"d":"128.00"}]
[null,"2.2.11"," CS - 12 / B","m",{"v":2920.39,"d":"2,920.39"},{"v":2920.39,"d":"2,920.39"},0.04,{"v":116.8156,"d":"116.82"},{"$nulls":5},{"v":233.6312,"d":"233.63"}]
[null,"2.2.12"," CS - 13 / B","m",{"v":1881.85,"d":"1,881.85"},{"v":1881.85,"d":"1,881.85"},0.04,{"v":75.274,"d":"75.27"},{"$nulls":5},{"v":150.548,"d":"150.55"}]
[null,"2.2.13"," CS - 14 / B","m",{"v":1700,"d":"1,700.00"},{"v":1700,"d":"1,700.00"},0.04,{"v":68,"d":"68.00"},{"$nulls":5},{"v":136,"d":"136.00"}]
[null,"2.2.14"," CS - 15 / B","m",{"v":1414,"d":"1,414.00"},{"v":1414,"d":"1,414.00"},0.04,56.56,{"$nulls":5},113.12]
[null,"2.2.15"," CS - 16 / B","m",{"v":1694,"d":"1,694.00"},{"v":1694,"d":"1,694.00"},0.04,67.76,{"$nulls":5},135.52]
[null,"2.2.16"," CS - 17 / B","m",{"v":1140,"d":"1,140.00"},{"v":1140,"d":"1,140.00"},0.04,{"v":45.6,"d":"45.60"},{"$nulls":5},{"v":91.2,"d":"91.20"}]
[null,"2.2.17"," CS - 18 / B","m",{"v":440,"d":"440.00"},{"v":440,"d":"440.00"},0.04,{"v":17.6,"d":"17.60"},{"$nulls":5},{"v":35.2,"d":"35.20"}]
[null,"2.2.18"," CS - 19 / B","m",{"v":1004,"d":"1,004.00"},{"v":1004,"d":"1,004.00"},0.04,{"v":40.160000000000004,"d":"40.16"},{"$nulls":5},{"v":80.32000000000001,"d":"80.32"}]
[null,"2.2.19"," CT1 - S19 / B","m",{"v":430,"d":"430.00"},{"v":430,"d":"430.00"},0.04,{"v":17.2,"d":"17.20"},{"$nulls":5},{"v":34.4,"d":"34.40"}]
[null,"2.2.20"," CS - 21 / B","m",{"v":1999.08,"d":"1,999.08"},{"v":1999.08,"d":"1,999.08"},0.04,{"v":79.9632,"d":"79.96"},{"$nulls":5},{"v":159.9264,"d":"159.93"}]
[]
[null,"2.3","GLEBA C2","m",{"$f":"SUM(E247:E268)","v":{"v":76263.29999999999,"d":"76,263.30"}},{"$f":"SUM(F247:F268)","v":{"v":76263.29999999999,"d":"76,263.30"}},null,{"$f":"SUM(H247:H268)","v":{"v":3050.532,"d":"3,050.53"}},{"$nulls":5},{"$f":"H246+H628","v":{"v":6101.064,"d":"6,101.06"}}]
[null,"2.3.1"," CP / C2","m",{"v":15539.31,"d":"15,539.31"},{"v":15539.31,"d":"15,539.31"},0.04,{"$f":"G247*F247","v":{"v":621.5724,"d":"621.57"}},{"$nulls":5},{"v":1243.1448,"d":"1,243.14"}]
[null,"2.3.2"," CS - 1 / C2","m",{"v":2829.67,"d":"2,829.67"},{"v":2829.67,"d":"2,829.67"},{"$f":"G$247","v":0.04},{"v":113.1868,"d":"113.19"},{"$nulls":5},{"v":226.3736,"d":"226.37"}]
[null,"2.3.3"," CS - 2 / C2","m",{"v":1484,"d":"1,484.00"},{"v":1484,"d":"1,484.00"},{"$f":"G$247","v":0.04},59.36,{"$nulls":5},118.72]
[null,"2.3.4"," CS - 3 / C2","m",{"v":5683.27,"d":"5,683.27"},{"v":5683.27,"d":"5,683.27"},0.04,{"v":227.3308,"d":"227.33"},{"$nulls":5},{"v":454.6616,"d":"454.66"}]
[null,"2.3.5"," CS - 4 / C2","m",{"v":1477,"d":"1,477.00"},{"v":1477,"d":"1,477.00"},0.04,59.08,{"$nulls":5},118.16]
[null,"2.3.6"," CS - 5 / C2","m",{"v":3959,"d":"3,959.00"},{"v":3959,"d":"3,959.00"},0.04,158.36,{"$nulls":5},316.72]
[null,"2.3.7"," CS - 6 / C2","m",{"v":2002,"d":"2,002.00"},{"v":2002,"d":"2,002.00"},0.04,80.08,{"$nulls":5},160.16]
[null,"2.3.8"," CS - 7 / C2","m",{"v":4720.25,"d":"4,720.25"},{"v":4720.25,"d":"4,720.25"},0.04,188.81,{"$nulls":5},377.62]
[null,"2.3.9"," CT1 - S7 / C2","m",{"v":1135,"d":"1,135.00"},{"v":1135,"d":"1,135.00"},0.04,{"v":45.4,"d":"45.40"},{"$nulls":5},{"v":90.8,"d":"90.80"}]
[null,"2.3.10"," CS - 8 / C2","m",{"v":2002,"d":"2,002.00"},{"v":2002,"d":"2,002.00"},0.04,80.08,{"$nulls":5},160.16]
[null,"2.3.11"," CS - 9 / C2","m",{"v":5222.57,"d":"5,222.57"},{"v":5222.57,"d":"5,222.57"},0.04,{"v":208.90279999999998,"d":"208.90"},{"$nulls":5},{"v":417.80559999999997,"d":"417.81"}]
[null,"2.3.12"," CS - 10 / C2","m",{"v":2002,"d":"2,002.00"},{"v":2002,"d":"2,002.00"},0.04,80.08,{"$nulls":5},160.16]
[null,"2.3.13"," CS - 11 / C2","m",{"v":6910.9,"d":"6,910.90"},{"v":6910.9,"d":"6,910.90"},0.04,{"v":276.436,"d":"276.44"},{"$nulls":5},{"v":552.872,"d":"552.87"}]
[null,"2.3.14"," CT1 - S11 / C2","m",{"v":2352.5,"d":"2,352.50"},{"v":2352.5,"d":"2,352.50"},0.04,{"v":94.10000000000001,"d":"94.10"},{"$nulls":5},{"v":188.20000000000002,"d":"188.20"}]
[null,"2.3.15"," CT2 - S11 / C2","m",{"v":1110,"d":"1,110.00"},{"v":1110,"d":"1,110.00"},0.04,{"v":44.4,"d":"44.40"},{"$nulls":5},{"v":88.8,"d":"88.80"}]
[null,"2.3.16"," CT3 - S11 / C2","m",{"v":3632.59,"d":"3,632.59"},{"v":3632.59,"d":"3,632.59"},0.04,{"v":145.30360000000002,"d":"145.30"},{"$nulls":5},{"v":290.60720000000003,"d":"290.61"}]
[null,"2.3.17"," CQ1 - T3 - S11 / C2","m",{"v":2826.2,"d":"2,826.20"},{"v":2826.2,"d":"2,826.20"},0.04,{"v":113.048,"d":"113.05"},{"$nulls":5},{"v":226.096,"d":"226.10"}]
[null,"2.3.18"," CS - 12 / C2","m",{"v":2850.04,"d":"2,850.04"},{"v":2850.04,"d":"2,850.04"},0.04,{"v":114.0016,"d":"114.00"},{"$nulls":5},{"v":228.0032,"d":"228.00"}]
[null,"2.3.19"," CT1 - S12 / C2","m",{"v":495,"d":"495.00"},{"v":495,"d":"495.00"},0.04,{"v":19.8,"d":"19.80"},{"$nulls":5},{"v":39.6,"d":"39.60"}]
[null,"2.3.20"," CS - 13 / C2","m",{"v":5031,"d":"5,031.00"},{"v":5031,"d":"5,031.00"},0.04,201.24,{"$nulls":5},402.48]
[null,"2.3.21"," CS - 14 / C2","m",{"v":1280,"d":"1,280.00"},{"v":1280,"d":"1,280.00"},0.04,{"v":51.2,"d":"51.20"},{"$nulls":5},{"v":102.4,"d":"102.40"}]
[null,"2.3.22"," CS - 16 / C2","m",{"v":1719,"d":"1,719.00"},{"v":1719,"d":"1,719.00"},0.04,68.76,{"$nulls":5},137.52]
[]
[null,"2.4","GLEBA C3","m",{"$f":"SUM(E271:E272)","v":{"v":5009.87,"d":"5,009.87"}},{"$f":"SUM(F271:F272)","v":{"v":5009.87,"d":"5,009.87"}},null,{"$f":"SUM(H271:H272)","v":{"v":200.3948,"d":"200.39"}},{"$nulls":5},{"$f":"H270+H652","v":{"v":400.7896,"d":"400.79"}}]
[null,"2.4.1"," CP / C3","m",{"v":3209.87,"d":"3,209.87"},{"v":3209.87,"d":"3,209.87"},0.04,{"$f":"G271*F271","v":{"v":128.3948,"d":"128.39"}},{"$nulls":5},{"$f":"H271+H653","v":{"v":256.7896,"d":"256.79"}}]
[null,"2.4.2"," CS - 1 / C3","m",{"v":1800,"d":"1,800.00"},{"v":1800,"d":"1,800.00"},{"$f":"G271","v":0.04},{"v":72,"d":"72.00"},{"$nulls":5},{"$f":"H272+H654","v":{"v":144,"d":"144.00"}}]
[]
[null,"2.5","GLEBA D","m",{"$f":"SUM(E275:E317)","v":{"v":27505.45,"d":"27,505.45"}},{"$f":"SUM(F275:F317)","v":{"v":27505.45,"d":"27,505.45"}},null,{"$f":"SUM(H275:H317)","v":{"v":1100.218,"d":"1,100.22"}},{"$nulls":5},{"$f":"H274+H656","v":{"v":2200.436,"d":"2,200.44"}}]
[null,"2.5.1","L.1","m",{"v":414.4,"d":"414.40"},{"v":414.4,"d":"414.40"},0.04,{"$f":"G275*F275","v":{"v":16.576,"d":"16.58"}},{"$nulls":5},{"v":33.152,"d":"33.15"}]
[null,"2.5.2","L.1.1","m",{"v":781,"d":"781.00"},{"v":781,"d":"781.00"},{"$f":"G$275","v":0.04},{"v":31.240000000000002,"d":"31.24"},{"$nulls":5},{"v":62.480000000000004,"d":"62.48"}]
[null,"2.5.3","L.1.2","m",{"v":906,"d":"906.00"},{"v":906,"d":"906.00"},{"$f":"G$275","v":0.04},36.24,{"$nulls":5},72.48]
[null,"2.5.4","L.3","m",{"v":3566.3,"d":"3,566.30"},{"v":3566.3,"d":"3,566.30"},0.04,{"v":142.65200000000002,"d":"142.65"},{"$nulls":5},{"v":285.30400000000003,"d":"285.30"}]
[null,"2.5.5","L.3.1","m",{"v":135.4,"d":"135.40"},{"v":135.4,"d":"135.40"},0.04,{"v":5.416,"d":"5.42"},{"$nulls":5},{"v":10.832,"d":"10.83"}]
[null,"2.5.6","L.3.1.1","m",{"v":58.5,"d":"58.50"},{"v":58.5,"d":"58.50"},0.04,2.34,{"$nulls":5},4.68]
[null,"2.5.7","L.3.1.2","m",{"v":165.9,"d":"165.90"},{"v":165.9,"d":"165.90"},0.04,{"v":6.636,"d":"6.64"},{"$nulls":5},{"v":13.272,"d":"13.27"}]
[null,"2.5.8","L.3.2","m",{"v":193,"d":"193.00"},{"v":193,"d":"193.00"},0.04,7.72,{"$nulls":5},15.44]
[null,"2.5.9","L.3.3","m",{"v":95.9,"d":"95.90"},{"v":95.9,"d":"95.90"},0.04,{"v":3.8360000000000003,"d":"3.84"},{"$nulls":5},{"v":7.672000000000001,"d":"7.67"}]
[null,"2.5.10","L.3.4","m",{"v":253.8,"d":"253.80"},{"v":253.8,"d":"253.80"},0.04,{"v":10.152000000000001,"d":"10.15"},{"$nulls":5},{"v":20.304000000000002,"d":"20.30"}]
[null,"2.5.11","L.3.5","m",{"v":856.6,"d":"856.60"},{"v":856.6,"d":"856.60"},0.04,{"v":34.264,"d":"34.26"},{"$nulls":5},{"v":68.528,"d":"68.53"}]
[null,"2.5.12","L.4","m",416.25,416.25,0.04,16.65,{"$nulls":5},{"v":33.3,"d":"33.30"}]
[null,"2.5.13","L.5","m",299.85,299.85,0.04,{"v":11.994000000000002,"d":"11.99"},{"$nulls":5},{"v":23.988000000000003,"d":"23.99"}]
[null,"2.5.14","L.6","m",{"v":541.5,"d":"541.50"},{"v":541.5,"d":"541.50"},0.04,21.66,{"$nulls":5},43.32]
[null,"2.5.15","L.8","m",{"v":4330.8,"d":"4,330.80"},{"v":4330.8,"d":"4,330.80"},0.04,{"v":173.232,"d":"173.23"},{"$nulls":5},{"v":346.464,"d":"346.46"}]
[null,"2.5.16","L.8.1","m",{"v":535.5,"d":"535.50"},{"v":535.5,"d":"535.50"},0.04,21.42,{"$nulls":5},42.84]
[null,"2.5.17","L.8.2","m",{"v":145.4,"d":"145.40"},{"v":145.4,"d":"145.40"},0.04,{"v":5.816000000000001,"d":"5.82"},{"$nulls":5},{"v":11.632000000000001,"d":"11.63"}]
[null,"2.5.18","L.8.3","m",{"v":2147.1,"d":"2,147.10"},{"v":2147.1,"d":"2,147.10"},0.04,{"v":85.884,"d":"85.88"},{"$nulls":5},{"v":171.768,"d":"171.77"}]
[null,"2.5.19","L.8.3.1","m",{"v":404.8,"d":"404.80"},{"v":404.8,"d":"404.80"},0.04,{"v":16.192,"d":"16.19"},{"$nulls":5},{"v":32.384,"d":"32.38"}]
[null,"2.5.20","L.8.3.2","m",{"v":93.5,"d":"93.50"},{"v":93.5,"d":"93.50"},0.04,3.74,{"$nulls":5},7.48]
[null,"2.5.21","L.8.3.3","m",{"v":221,"d":"221.00"},{"v":221,"d":"221.00"},0.04,8.84,{"$nulls":5},17.68]
[null,"2.5.22","L.8.3.4","m",{"v":274.2,"d":"274.20"},{"v":274.2,"d":"274.20"},0.04,{"v":10.968,"d":"10.97"},{"$nulls":5},{"v":21.936,"d":"21.94"}]
[null,"2.5.23","L.8.3.6","m",{"v":95,"d":"95.00"},{"v":95,"d":"95.00"},0.04,{"v":3.8000000000000003,"d":"3.80"},{"$nulls":5},{"v":7.6000000000000005,"d":"7.60"}]
[null,"2.5.24","L.8.4","m",{"v":966.5,"d":"966.50"},{"v":966.5,"d":"966.50"},0.04,{"v":38.660000000000004,"d":"38.66"},{"$nulls":5},{"v":77.32000000000001,"d":"77.32"}]
[null,"2.5.25","L.8.5","m",{"v":360,"d":"360.00"},{"v":360,"d":"360.00"},0.04,{"v":14.4,"d":"14.40"},{"$nulls":5},{"v":28.8,"d":"28.80"}]
[null,"2.5.26","L.8.6","m",{"v":294.5,"d":"294.50"},{"v":294.5,"d":"294.50"},0.04,11.78,{"$nulls":5},23.56]
[null,"2.5.27","L.8.7","m",111.25,111.25,0.04,4.45,{"$nulls":5},{"v":8.9,"d":"8.90"}]
[null,"2.5.28","L.8.8","m",{"v":0,"d":"0.00"},{"v":0,"d":"0.00"},0.04,{"v":0,"d":"0.00"},{"$nulls":5},{"v":0,"d":"0.00"}]
[null,"2.5.29","L.8.9","m",{"v":229,"d":"229.00"},{"v":229,"d":"229.00"},0.04,9.16,{"$nulls":5},18.32]
[null,"2.5.30","L.8.10","m",{"v":391.7,"d":"391.70"},{"v":391.7,"d":"391.70"},0.04,{"v":15.668,"d":"15.67"},{"$nulls":5},{"v":31.336,"d":"31.34"}]
[null,"2.5.31","L.8.11","m",{"v":799.3,"d":"799.30"},{"v":799.3,"d":"799.30"},0.04,{"v":31.971999999999998,"d":"31.97"},{"$nulls":5},{"v":63.943999999999996,"d":"63.94"}]
[null,"2.5.32","L.8.11.1","m",{"v":312.6,"d":"312.60"},{"v":312.6,"d":"312.60"},0.04,{"v":12.504000000000001,"d":"12.50"},{"$nulls":5},{"v":25.008000000000003,"d":"25.01"}]
[null,"2.5.33","L.8.12","m",{"v":443.2,"d":"443.20"},{"v":443.2,"d":"443.20"},0.04,{"v":17.728,"d":"17.73"},{"$nulls":5},{"v":35.456,"d":"35.46"}]
[null,"2.5.34","L.8.14","m",{"v":933,"d":"933.00"},{"v":933,"d":"933.00"},0.04,37.32,{"$nulls":5},74.64]
[null,"2.5.35","L.9","m",{"v":2933.5,"d":"2,933.50"},{"v":2933.5,"d":"2,933.50"},0.04,117.34,{"$nulls":5},234.68]
[null,"2.5.36","L.9.1","m",{"v":737.8,"d":"737.80"},{"v":737.8,"d":"737.80"},0.04,{"v":29.512,"d":"29.51"},{"$nulls":5},{"v":59.024,"d":"59.02"}]
[null,"2.5.37","L.9.2","m",{"v":0,"d":"0.00"},{"v":0,"d":"0.00"},0.04,{"v":0,"d":"0.00"},{"$nulls":5},{"v":0,"d":"0.00"}]
[null,"2.5.38","L.9.4","m",{"v":0,"d":"0.00"},{"v":0,"d":"0.00"},0.04,{"v":0,"d":"0.00"},{"$nulls":5},{"v":0,"d":"0.00"}]
[null,"2.5.39","L.9.5","m",{"v":123.3,"d":"123.30"},{"v":123.3,"d":"123.30"},0.04,{"v":4.932,"d":"4.93"},{"$nulls":5},{"v":9.864,"d":"9.86"}]
[null,"2.5.40","L.10","m",{"v":1123.7,"d":"1,123.70"},{"v":1123.7,"d":"1,123.70"},0.04,{"v":44.948,"d":"44.95"},{"$nulls":5},{"v":89.896,"d":"89.90"}]
[null,"2.5.41","L.10.1","m",{"v":767,"d":"767.00"},{"v":767,"d":"767.00"},0.04,30.68,{"$nulls":5},61.36]
[null,"2.5.42","L.10.2","m",{"v":0,"d":"0.00"},{"v":0,"d":"0.00"},0.04,{"v":0,"d":"0.00"},{"$nulls":5},{"v":0,"d":"0.00"}]
[null,"2.5.43","L.10.3","m",{"v":47.4,"d":"47.40"},{"v":47.4,"d":"47.40"},0.04,{"v":1.896,"d":"1.90"},{"$nulls":5},{"v":3.792,"d":"3.79"}]
[]
[null,"2.6","GLEBA F ","m",{"$f":"SUM(E320:E321)","v":{"v":5611.7,"d":"5,611.70"}},{"$f":"SUM(F320:F321)","v":{"v":5611.7,"d":"5,611.70"}},null,{"$f":"SUM(H320:H321)","v":{"v":224.468,"d":"224.47"}},{"$nulls":5},{"$f":"H319+H701","v":{"v":448.936,"d":"448.94"}}]
[null,"2.6.1","CS - 1 / F","m",{"v":3265.05,"d":"3,265.05"},{"v":3265.05,"d":"3,265.05"},0.04,{"$f":"G320*F320","v":{"v":130.602,"d":"130.60"}},{"$nulls":5},{"$f":"H320+H702","v":{"v":261.204,"d":"261.20"}}]
[null,"2.6.2","CS - 3 / F","m",{"v":2346.6499999999996,"d":"2,346.65"},{"v":2346.6499999999996,"d":"2,346.65"},{"$f":"G320","v":0.04},{"v":93.86599999999999,"d":"93.87"},{"$nulls":5},{"$f":"H321+H703","v":{"v":187.73199999999997,"d":"187.73"}}]
[]
[null,3,"DESASSOREAMENTO E ROÇAGEM DOS DRENOS GLEBA F","m",{"$f":"SUM(E324:E325)","v":{"v":2432,"d":"2,432.00"}},{"$f":"SUM(F324:F325)","v":{"v":2432,"d":"2,432.00"}},null,{"$f":"SUM(H324:H325)","v":{"v":4328.96,"d":"4,328.96"}},{"$nulls":5},{"$f":"H323+H705","v":{"v":8657.92,"d":"8,657.92"}}]
[null,"3.1","Dreno CS-1/F","m",{"v":1024,"d":"1,024.00"},{"v":1024,"d":"1,024.00"},1.78,{"$f":"G324*F324","v":{"v":1822.72,"d":"1,822.72"}},{"$nulls":5},{"$f":"H324+H706","v":{"v":3645.44,"d":"3,645.44"}}]
[null,"3.2","Dreno CS-3/F","m",{"v":1408,"d":"1,408.00"},{"v":1408,"d":"1,408.00"},{"$f":"G324","v":1.78},{"v":2506.2400000000002,"d":"2,506.24"},{"$nulls":5},{"$f":"H325+H707","v":{"v":5012.4800000000005,"d":"5,012.48"}}]
[]
[null,4,"ROÇAGEM DO SIFÃO C1 - C4","m",{"$f":"E328","v":481.97},{"$f":"F328","v":481.97},null,{"$f":"H328","v":{"v":1783.2890000000002,"d":"1,783.29"}},{"$nulls":5},{"$f":"H327+H709","v":{"v":3566.5780000000004,"d":"3,566.58"}}]
[null,"4.1","Sifão C1 - C4","m",481.97,481.97,{"v":3.7,"d":"3.70"},{"$f":"G328*F328","v":{"v":1783.2890000000002,"d":"1,783.29"}},{"$nulls":5},{"$f":"H328+H710","v":{"v":3566.5780000000004,"d":"3,566.58"}}]
[]
[null,5,"MANUTENÇÃO DE CERCAS DE PROTEÇÃO NAS COMPORTAS","cj",{"$f":"E331+E333+E335+E337+E339","v":{"v":46,"d":"46.00"}},{"$f":"F331+F333+F335+F337+F339","v":{"v":46,"d":"46.00"}},null,{"$f":"H331+H333+H335+H337+H339","v":{"v":8510,"d":"8,510.00"}},{"$nulls":5},{"$f":"H330+H712","v":{"v":17020,"d":"17,020.00"}}]
[null,"5.1","Gleba A",null,{"$f":"E332","v":{"v":17,"d":"17.00"}},{"$f":"F332","v":{"v":17,"d":"17.00"}},null,{"$f":"H332","v":{"v":3145,"d":"3,145.00"}},{"$nulls":5},{"v":6290,"d":"6,290.00"}]
[null,"5.1.1","Limpeza manual, recuperação dos cercamentos e pinturas, conforme especificação","cj",{"v":17,"d":"17.00"},{"v":17,"d":"17.00"},{"v":185,"d":"185.00"},{"$f":"F332*G332","v":{"v":3145,"d":"3,145.00"}},{"$nulls":5},{"v":6290,"d":"6,290.00"}]
[null,"5.2","Gleba B",null,{"$f":"E334","v":{"v":4,"d":"4.00"}},{"$f":"F334","v":{"v":4,"d":"4.00"}},null,{"$f":"H334","v":{"v":740,"d":"740.00"}},{"$nulls":5},{"v":1480,"d":"1,480.00"}]
[null,"5.2.1","Limpeza manual, recuperação dos cercamentos e pinturas, conforme especificação","cj",{"v":4,"d":"4.00"},{"v":4,"d":"4.00"},{"$f":"G$332","v":{"v":185,"d":"185.00"}},{"$f":"F334*G334","v":{"v":740,"d":"740.00"}},{"$nulls":5},{"v":1480,"d":"1,480.00"}]
[null,"5.3","Gleba C2",null,{"$f":"E336","v":{"v":14,"d":"14.00"}},{"$f":"F336","v":{"v":14,"d":"14.00"}},null,{"$f":"H336","v":{"v":2590,"d":"2,590.00"}},{"$nulls":5},{"v":5180,"d":"5,180.00"}]
[null,"5.3.1","Limpeza manual, recuperação dos cercamentos e pinturas, conforme especificação","cj",{"v":14,"d":"14.00"},{"v":14,"d":"14.00"},{"$f":"G$332","v":{"v":185,"d":"185.00"}},{"$f":"F336*G336","v":{"v":2590,"d":"2,590.00"}},{"$nulls":5},{"v":5180,"d":"5,180.00"}]
[null,"5.4","Gleba D",null,{"$f":"E338","v":{"v":9,"d":"9.00"}},{"$f":"F338","v":{"v":9,"d":"9.00"}},null,{"$f":"H338","v":{"v":1665,"d":"1,665.00"}},{"$nulls":5},{"v":3330,"d":"3,330.00"}]
[null,"5.4.1","Limpeza manual, recuperação dos cercamentos e pinturas, conforme especificação","cj",{"v":9,"d":"9.00"},{"v":9,"d":"9.00"},{"$f":"G$332","v":{"v":185,"d":"185.00"}},{"$f":"F338*G338","v":{"v":1665,"d":"1,665.00"}},{"$nulls":5},{"v":3330,"d":"3,330.00"}]
[null,"5.5","Gleba F",null,{"$f":"E340","v":{"v":2,"d":"2.00"}},{"$f":"F340","v":{"v":2,"d":"2.00"}},null,{"$f":"H340","v":{"v":370,"d":"370.00"}},{"$nulls":5},{"v":740,"d":"740.00"}]
[null,"5.5.1","Limpeza manual, recuperação dos cercamentos e pinturas, conforme especificação","cj",{"v":2,"d":"2.00"},{"v":2,"d":"2.00"},{"$f":"G$332","v":{"v":185,"d":"185.00"}},{"$f":"F340*G340","v":{"v":370,"d":"370.00"}},{"$nulls":5},{"v":740,"d":"740.00"}]
[]
[null,6,"SUBSTITUIÇÃO E EXECUÇÃO DE JUNTAS E PLACAS DE CONCRETO",{"$nulls":4},{"$f":"H343+H366","v":{"v":36518.8238,"d":"36,518.82"}},{"$nulls":5},{"$f":"H342+H724","v":{"v":75901.6718,"d":"75,901.67"}}]
[null,"6.1","SUBSTITUIÇÃO OU EXECUÇÃO DE JUNTAS COM APLICAÇÃO DE SELANTE ELÁSTICO MONOCOMPONENTE, POLIURETANO,  PU-30, EM JUNTAS DE CANAIS DE IRRIGAÇÃO OU EXECUÇÃO DE NOVAS JUNTAS EM RACHADURAS DAS PLACAS DE CONCRETO DOS CANAIS","M",{"$f":"E344+E347+E350+E353+E356+E359+E362","v":{"v":8400,"d":"8,400.00"}},{"$f":"F344+F347+F350+F353+F356+F359+F362","v":{"v":4000,"d":"4,000.00"}},7.34,{"$f":"H344+H347+H350+H353+H356+H359+H362","v":{"v":29360,"d":"29,360.00"}},{"$nulls":5},{"v":61656,"d":"61,656.00"}]
[null,"6.1.1","GLEBA A",null,{"$f":"SUM(E345:E346)","v":{"v":2400,"d":"2,400.00"}},{"$f":"SUM(F345:F346)","v":{"v":1000,"d":"1,000.00"}},null,{"$f":"SUM(H345:H346)","v":{"v":7340,"d":"7,340.00"}},{"$nulls":5},{"v":17616,"d":"17,616.00"}]
[null,null,"CT4-S6/A4","M",{"v":1000,"d":"1,000.00"},{"v":1000,"d":"1,000.00"},{"$f":"G$343","v":7.34},{"$f":"F345*G345","v":{"v":7340,"d":"7,340.00"}},{"$nulls":5},{"v":7340,"d":"7,340.00"}]
[null,null,"CT4-S4/A4","M",{"v":1400,"d":"1,400.00"},{"v":0,"d":"0.00"},{"$f":"G$343","v":7.34},{"v":0,"d":"0.00"},{"$nulls":5},{"v":10276,"d":"10,276.00"}]
[null,"6.1.2","GLEBA B",null,{"$f":"SUM(E348:E349)","v":{"v":2000,"d":"2,000.00"}},{"$f":"SUM(F348:F349)","v":{"v":1000,"d":"1,000.00"}},null,{"$f":"SUM(H348:H349)","v":{"v":7340,"d":"7,340.00"}},{"$nulls":5},{"v":14680,"d":"14,680.00"}]
[null,null,"CS-17/B","M",{"v":1000,"d":"1,000.00"},{"v":1000,"d":"1,000.00"},{"$f":"G$343","v":7.34},{"$f":"F348*G348","v":{"v":7340,"d":"7,340.00"}},{"$nulls":5},{"v":7340,"d":"7,340.00"}]
[null,null,"CS-12/B","M",{"v":1000,"d":"1,000.00"},{"v":0,"d":"0.00"},{"$f":"G$343","v":7.34},{"v":0,"d":"0.00"},{"$nulls":5},{"v":7340,"d":"7,340.00"}]
[null,"6.1.3","GLEBA C2",null,{"$f":"SUM(E351:E352)","v":{"v":2000,"d":"2,000.00"}},{"$f":"SUM(F351:F352)","v":{"v":1000,"d":"1,000.00"}},null,{"$f":"SUM(H351:H352)","v":{"v":7340,"d":"7,340.00"}},{"$nulls":5},{"v":14680,"d":"14,680.00"}]
[null,null,"CS-5/C2","M",{"v":1000,"d":"1,000.00"},{"v":1000,"d":"1,000.00"},{"$f":"G$343","v":7.34},{"$f":"F351*G351","v":{"v":7340,"d":"7,340.00"}},{"$nulls":5},{"v":7340,"d":"7,340.00"}]
[null,null,"CS-3/C2","M",{"v":1000,"d":"1,000.00"},{"v":0,"d":"0.00"},{"$f":"G$343","v":7.34},{"v":0,"d":"0.00"},{"$nulls":5},{"v":7340,"d":"7,340.00"}]
[null,"6.1.4","GLEBA C3",null,{"$f":"SUM(E354:E355)","v":{"v":2000,"d":"2,000.00"}},{"$f":"SUM(F354:F355)","v":{"v":1000,"d":"1,000.00"}},null,{"$f":"SUM(H354:H355)","v":{"v":7340,"d":"7,340.00"}},{"$nulls":5},{"v":14680,"d":"14,680.00"}]
[null,null,"CS-1/C3","M",{"v":1000,"d":"1,000.00"},{"v":1000,"d":"1,000.00"},{"$f":"G$343","v":7.34},{"$f":"F354*G354","v":{"v":7340,"d":"7,340.00"}},{"$nulls":5},{"v":7340,"d":"7,340.00"}]
[null,null,"CP/C3","M",{"v":1000,"d":"1,000.00"},{"v":0,"d":"0.00"},{"$f":"G$343","v":7.34},{"v":0,"d":"0.00"},{"$nulls":5},{"v":7340,"d":"7,340.00"}]
[null,"6.1.5","GLEBA D",null,{"$f":"SUM(E357:E358)","v":{"v":0,"d":"0.00"}},{"$f":"SUM(F357:F358)","v":{"v":0,"d":"0.00"}},null,{"$f":"SUM(H357:H358)","v":{"v":0,"d":"0.00"}}]
[null,null,"L.8.3","M",{"v":0,"d":"0.00"},{"v":0,"d":"0.00"},{"$f":"G$343","v":7.34},{"$f":"F357*G357","v":{"v":0,"d":"0.00"}}]
[{"$nulls":3},"M",{"v":0,"d":"0.00"},{"v":0,"d":"0.00"},{"$f":"G$343","v":7.34},{"v":0,"d":"0.00"}]
[null,"6.1.6","GLEBA F",null,{"$f":"SUM(E360:E361)","v":{"v":0,"d":"0.00"}},{"$f":"SUM(F360:F361)","v":{"v":0,"d":"0.00"}},null,{"$f":"SUM(H360:H361)","v":{"v":0,"d":"0.00"}}]
[null,null,"CS-1/F","M",{"v":0,"d":"0.00"},{"v":0,"d":"0.00"},{"$f":"G$343","v":7.34},{"$f":"F360*G360","v":{"v":0,"d":"0.00"}}]
[{"$nulls":3},"M",{"v":0,"d":"0.00"},{"v":0,"d":"0.00"},{"$f":"G$343","v":7.34},{"v":0,"d":"0.00"}]
[null,"6.1.7","GLEBA SP",null,{"$f":"SUM(E363:E364)","v":{"v":0,"d":"0.00"}},{"$f":"SUM(F363:F364)","v":{"v":0,"d":"0.00"}},null,{"$f":"SUM(H363:H364)","v":{"v":0,"d":"0.00"}}]
[null,null,"L.11","M",{"v":0,"d":"0.00"},{"v":0,"d":"0.00"},{"$f":"G$343","v":7.34},{"$f":"F363*G363","v":{"v":0,"d":"0.00"}}]
[{"$nulls":3},"M",{"v":0,"d":"0.00"},{"v":0,"d":"0.00"},{"$f":"G$343","v":7.34},{"v":0,"d":"0.00"}]
[]
[null,"6.2","SUBSTITUIÇÃO OU EXECUÇÃO DE PLACAS DE CONCRETO COM REMOÇÃO DE PLACA DE CONCRETO EXISTENTE, RECOMPOSIÇÃO DO MACIÇO DE TERRA E EXECUÇÃO DE PLACA DE CONCRETO ESPESSURA 5CM","M3",{"$f":"E367+E370+E373+E376+E379+E382+E385","v":{"v":25.6,"d":"25.60"}},{"$f":"F367+F370+F373+F376+F379+F382+F385","v":12.93},553.66,{"$f":"H367+H370+H373+H376+H379+H382+H385","v":{"v":7158.8238,"d":"7,158.82"}},{"$nulls":5},{"$f":"H366+H748","v":{"v":14245.6718,"d":"14,245.67"}}]
[null,"6.2.1","GLEBA A",null,{"$f":"SUM(E368:E369)","v":{"v":8,"d":"8.00"}},{"$f":"SUM(F368:F369)","v":{"v":3.5,"d":"3.50"}},null,{"$f":"SUM(H368:H369)","v":{"v":1937.81,"d":"1,937.81"}},{"$nulls":5},{"v":4152.45,"d":"4,152.45"}]
[null,null,"CT4-S6/A4","M3",{"v":4,"d":"4.00"},{"v":3.5,"d":"3.50"},{"$f":"G$366","v":553.66},{"$f":"F368*G368","v":{"v":1937.81,"d":"1,937.81"}},{"$nulls":5},{"v":1937.81,"d":"1,937.81"}]
[null,null,"CT4-S4/A4","M3",{"v":4,"d":"4.00"},{"v":0,"d":"0.00"},{"$f":"G$366","v":553.66},{"v":0,"d":"0.00"},{"$nulls":5},{"v":2214.64,"d":"2,214.64"}]
[null,"6.2.2","GLEBA B",null,{"$f":"SUM(E371:E372)","v":{"v":6,"d":"6.00"}},{"$f":"SUM(F371:F372)","v":{"v":3.5,"d":"3.50"}},null,{"$f":"SUM(H371:H372)","v":{"v":1937.81,"d":"1,937.81"}},{"$nulls":5},{"v":3598.79,"d":"3,598.79"}]
[null,null,"CS-17/B","M3",{"v":3,"d":"3.00"},{"v":3.5,"d":"3.50"},{"$f":"G$366","v":553.66},{"$f":"F371*G371","v":{"v":1937.81,"d":"1,937.81"}},{"$nulls":5},{"v":1937.81,"d":"1,937.81"}]
[null,null,"CS-12/B","M3",{"v":3,"d":"3.00"},{"v":0,"d":"0.00"},{"$f":"G$366","v":553.66},{"v":0,"d":"0.00"},{"$nulls":5},{"v":1660.98,"d":"1,660.98"}]
[null,"6.2.3","GLEBA C2",null,{"$f":"SUM(E374:E375)","v":{"v":9.6,"d":"9.60"}},{"$f":"SUM(F374:F375)","v":{"v":4.8,"d":"4.80"}},null,{"$f":"SUM(H374:H375)","v":{"v":2657.5679999999998,"d":"2,657.57"}},{"$nulls":5},{"v":5315.1359999999995,"d":"5,315.14"}]
[null,null,"CS-5/C2","M3",{"v":4.8,"d":"4.80"},{"v":4.8,"d":"4.80"},{"$f":"G$366","v":553.66},{"$f":"F374*G374","v":{"v":2657.5679999999998,"d":"2,657.57"}},{"$nulls":5},{"v":2657.5679999999998,"d":"2,657.57"}]
[null,null,"CS-3/C2","M3",{"v":4.8,"d":"4.80"},{"v":0,"d":"0.00"},{"$f":"G$366","v":553.66},{"v":0,"d":"0.00"},{"$nulls":5},{"v":2657.5679999999998,"d":"2,657.57"}]
[null,"6.2.4","GLEBA C3",null,{"$f":"SUM(E377:E378)","v":{"v":2,"d":"2.00"}},{"$f":"SUM(F377:F378)","v":1.13},null,{"$f":"SUM(H377:H378)","v":{"v":625.6357999999999,"d":"625.64"}},{"$nulls":5},{"v":1179.2957999999999,"d":"1,179.30"}]
[null,null,"CS-1/C3","M3",{"v":1,"d":"1.00"},1.13,{"$f":"G$366","v":553.66},{"$f":"F377*G377","v":{"v":625.6357999999999,"d":"625.64"}},{"$nulls":5},{"v":625.6357999999999,"d":"625.64"}]
[null,null,"CP/C3","M3",{"v":1,"d":"1.00"},{"v":0,"d":"0.00"},{"$f":"G$366","v":553.66},{"v":0,"d":"0.00"},{"$nulls":5},553.66]
[null,"6.2.5","GLEBA D",null,{"$f":"SUM(E380:E381)","v":{"v":0,"d":"0.00"}},{"$f":"SUM(F380:F381)","v":{"v":0,"d":"0.00"}},null,{"$f":"SUM(H380:H381)","v":{"v":0,"d":"0.00"}}]
[null,null,"L.8.3","M3",{"v":0,"d":"0.00"},{"v":0,"d":"0.00"},{"$f":"G$366","v":553.66},{"$f":"F380*G380","v":{"v":0,"d":"0.00"}}]
[]
[null,"6.2.6","GLEBA F",null,{"$f":"SUM(E383:E384)","v":{"v":0,"d":"0.00"}},{"$f":"SUM(F383:F384)","v":{"v":0,"d":"0.00"}},null,{"$f":"SUM(H383:H384)","v":{"v":0,"d":"0.00"}}]
[null,null,"CS-1/F","M3",{"v":0,"d":"0.00"},{"v":0,"d":"0.00"},{"$f":"G$366","v":553.66},{"$f":"F383*G383","v":{"v":0,"d":"0.00"}}]
[]
[null,"6.2.7","GLEBA SP",null,{"$f":"SUM(E386:E387)","v":{"v":0,"d":"0.00"}},{"$f":"SUM(F386:F387)","v":{"v":0,"d":"0.00"}},null,{"$f":"SUM(H386:H387)","v":{"v":0,"d":"0.00"}}]
[null,null,"L.11","M3",{"v":0,"d":"0.00"},{"v":0,"d":"0.00"},{"$f":"G$366","v":553.66},{"$f":"F386*G386","v":{"v":0,"d":"0.00"}}]
[]
[]
[]
[null,null,"TOTAL 2º SEMESTRE ......................................",{"$nulls":3},"VALOR TOTAL (R$) = ",{"$f":"H391+H400+H407+H408+H409+H410","v":{"v":219135.58709999998,"d":"219,135.59"}}]
[null,1,"ROÇAGEM DE VEGETAÇÃO","m",{"$f":"SUM(E392:E399)","v":{"v":246398.45,"d":"246,398.45"}},{"$f":"SUM(F392:F399)","v":{"v":279515.60000000003,"d":"279,515.60"}},null,{"$f":"SUM(H392:H399)","v":{"v":156735.4241,"d":"156,735.42"}}]
[null,"1.1","CP-1 E CP-2","m",{"$f":"E429","v":{"v":31721.8,"d":"31,721.80"}},{"$f":"F429","v":{"v":31721.8,"d":"31,721.80"}},null,{"$f":"H429","v":{"v":16495.336000000003,"d":"16,495.34"}}]
[null,"1.2","L.11 E L.11.2","m",{"$f":"E435","v":{"v":4800,"d":"4,800.00"}},{"$f":"F435","v":{"v":4800,"d":"4,800.00"}},null,{"$f":"H435","v":{"v":2496,"d":"2,496.00"}}]
[null,"1.3","GLEBA A","m",{"$f":"E439","v":{"v":66498.47,"d":"66,498.47"}},{"$f":"F439","v":{"v":66498.47,"d":"66,498.47"}},null,{"$f":"H439","v":{"v":33914.2197,"d":"33,914.22"}}]
[null,"1.4","GLEBA B","m",{"$f":"E472","v":{"v":28987.86,"d":"28,987.86"}},{"$f":"F472","v":{"v":28987.86,"d":"28,987.86"}},null,{"$f":"H472","v":{"v":14493.93,"d":"14,493.93"}}]
[null,"1.5","GLEBA C2","m",{"$f":"E494","v":{"v":76263.29999999999,"d":"76,263.30"}},{"$f":"F494","v":{"v":76263.29999999999,"d":"76,263.30"}},null,{"$f":"H494","v":{"v":53384.31,"d":"53,384.31"}}]
[null,"1.6","GLEBA C3","m",{"$f":"E518","v":{"v":5009.87,"d":"5,009.87"}},{"$f":"F518","v":{"v":5009.87,"d":"5,009.87"}},null,{"$f":"H518","v":{"v":2104.1454,"d":"2,104.15"}}]
[null,"1.7","GLEBA D","m",{"$f":"E522","v":{"v":27505.45,"d":"27,505.45"}},{"$f":"F522","v":{"v":55010.9,"d":"55,010.90"}},null,{"$f":"H522","v":{"v":30255.995000000003,"d":"30,256.00"}}]
[null,"1.8","GLEBA F ","m",{"$f":"E567","v":{"v":5611.7,"d":"5,611.70"}},{"$f":"F567","v":{"v":11223.4,"d":"11,223.40"}},null,{"$f":"H567","v":{"v":3591.488,"d":"3,591.49"}}]
[null,2,"COMBATE A FORMIGUEIROS EM CANAIS","m",{"$f":"SUM(E401:E406)","v":{"v":209876.65000000002,"d":"209,876.65"}},{"$f":"SUM(F401:F406)","v":{"v":209876.65000000002,"d":"209,876.65"}},null,{"$f":"SUM(H401:H406)","v":{"v":8395.065999999999,"d":"8,395.07"}}]
[null,"2.1","GLEBA A","m",{"$f":"E573","v":{"v":66498.47,"d":"66,498.47"}},{"$f":"F573","v":{"v":66498.47,"d":"66,498.47"}},null,{"$f":"H573","v":{"v":2659.9387999999994,"d":"2,659.94"}}]
[null,"2.2","GLEBA B","m",{"$f":"E606","v":{"v":28987.86,"d":"28,987.86"}},{"$f":"F606","v":{"v":28987.86,"d":"28,987.86"}},null,{"$f":"H606","v":{"v":1159.5144,"d":"1,159.51"}}]
[null,"2.3","GLEBA C2","m",{"$f":"E628","v":{"v":76263.29999999999,"d":"76,263.30"}},{"$f":"F628","v":{"v":76263.29999999999,"d":"76,263.30"}},null,{"$f":"H628","v":{"v":3050.532,"d":"3,050.53"}}]
[null,"2.4","GLEBA C3","m",{"$f":"E652","v":{"v":5009.87,"d":"5,009.87"}},{"$f":"F652","v":{"v":5009.87,"d":"5,009.87"}},null,{"$f":"H652","v":{"v":200.3948,"d":"200.39"}}]
[null,"2.5","GLEBA D","m",{"$f":"E656","v":{"v":27505.45,"d":"27,505.45"}},{"$f":"F656","v":{"v":27505.45,"d":"27,505.45"}},null,{"$f":"H656","v":{"v":1100.218,"d":"1,100.22"}}]
[null,"2.6","GLEBA F ","m",{"$f":"E701","v":{"v":5611.7,"d":"5,611.70"}},{"$f":"F701","v":{"v":5611.7,"d":"5,611.70"}},null,{"$f":"H701","v":{"v":224.468,"d":"224.47"}}]
[null,3,"DESASSOREAMENTO E ROÇAGEM DOS DRENOS","m",{"$f":"E705","v":{"v":2432,"d":"2,432.00"}},{"$f":"F705","v":{"v":2432,"d":"2,432.00"}},null,{"$f":"H705","v":{"v":4328.96,"d":"4,328.96"}}]
[null,4,"ROÇAGEM DO SIFÃO C1-C4","m",{"$f":"E709","v":481.97},{"$f":"F709","v":481.97},null,{"$f":"H709","v":{"v":1783.2890000000002,"d":"1,783.29"}}]
[null,5,"MANUTENÇÃO DE CERCAS DE PROTEÇÃO NAS COMPORTAS",null,{"$f":"E712","v":{"v":46,"d":"46.00"}},{"$f":"F712","v":{"v":46,"d":"46.00"}},null,{"$f":"H712","v":{"v":8510,"d":"8,510.00"}}]
[null,6,"SUBSTITUIÇÃO E EXECUÇÃO DE JUNTAS E PLACAS DE CONCRETO","VB",{"$nulls":3},{"$f":"H411+H419","v":{"v":39382.848,"d":"39,382.85"}}]
[null,"6.1","SUBSTITUIÇÃO OU EXECUÇÃO DE JUNTAS","M",{"$f":"SUM(E412:E418)","v":{"v":8400,"d":"8,400.00"}},{"$f":"SUM(F412:F418)","v":{"v":4400,"d":"4,400.00"}},null,{"$f":"SUM(H412:H418)","v":{"v":32296,"d":"32,296.00"}}]
[null,"6.1.1","GLEBA A","M",{"$f":"E726","v":{"v":2400,"d":"2,400.00"}},{"$f":"F726","v":{"v":1400,"d":"1,400.00"}},null,{"$f":"H726","v":{"v":10276,"d":"10,276.00"}}]
[null,"6.1.2","GLEBA B","M",{"$f":"E729","v":{"v":2000,"d":"2,000.00"}},{"$f":"F729","v":{"v":1000,"d":"1,000.00"}},null,{"$f":"H729","v":{"v":7340,"d":"7,340.00"}}]
[null,"6.1.3","GLEBA C2","M",{"$f":"E732","v":{"v":2000,"d":"2,000.00"}},{"$f":"F732","v":{"v":1000,"d":"1,000.00"}},null,{"$f":"H732","v":{"v":7340,"d":"7,340.00"}}]
[null,"6.1.4","GLEBA C3","M",{"$f":"E735","v":{"v":2000,"d":"2,000.00"}},{"$f":"F735","v":{"v":1000,"d":"1,000.00"}},null,{"$f":"H735","v":{"v":7340,"d":"7,340.00"}}]
[null,"6.1.5","GLEBA D","M",{"$f":"E738","v":{"v":0,"d":"0.00"}},{"$f":"F738","v":{"v":0,"d":"0.00"}},null,{"$f":"H738","v":{"v":0,"d":"0.00"}}]
[null,"6.1.6","GLEBA F","M",{"$f":"E741","v":{"v":0,"d":"0.00"}},{"$f":"F741","v":{"v":0,"d":"0.00"}},null,{"$f":"H741","v":{"v":0,"d":"0.00"}}]
[null,"6.1.7","GLEBA SP","M",{"$f":"E744","v":{"v":0,"d":"0.00"}},{"$f":"F744","v":{"v":0,"d":"0.00"}},null,{"$f":"H744","v":{"v":0,"d":"0.00"}}]
[null,"6.2","SUBSTITUIÇÃO OU EXECUÇÃO DE PLACAS DE CONCRETO","M3",{"$f":"SUM(E420:E426)","v":{"v":25.6,"d":"25.60"}},{"$f":"SUM(F420:F426)","v":{"v":12.8,"d":"12.80"}},null,{"$f":"SUM(H420:H426)","v":{"v":7086.848,"d":"7,086.85"}}]
[null,"6.2.1","GLEBA A","M3",{"$f":"E749","v":{"v":8,"d":"8.00"}},{"$f":"F749","v":{"v":4,"d":"4.00"}},null,{"$f":"H749","v":{"v":2214.64,"d":"2,214.64"}}]
[null,"6.2.2","GLEBA B","M3",{"$f":"E752","v":{"v":6,"d":"6.00"}},{"$f":"F752","v":{"v":3,"d":"3.00"}},null,{"$f":"H752","v":{"v":1660.98,"d":"1,660.98"}}]
[null,"6.2.3","GLEBA C2","M3",{"$f":"E755","v":{"v":9.6,"d":"9.60"}},{"$f":"F755","v":{"v":4.8,"d":"4.80"}},null,{"$f":"H755","v":{"v":2657.5679999999998,"d":"2,657.57"}}]
[null,"6.2.4","GLEBA C3","M3",{"$f":"E758","v":{"v":2,"d":"2.00"}},{"$f":"F758","v":{"v":1,"d":"1.00"}},null,{"$f":"H758","v":553.66}]
[null,"6.2.5","GLEBA D","M3",{"$f":"E761","v":{"v":0,"d":"0.00"}},{"$f":"F761","v":{"v":0,"d":"0.00"}},null,{"$f":"H761","v":{"v":0,"d":"0.00"}}]
[null,"6.2.6","GLEBA F","M3",{"$f":"E764","v":{"v":0,"d":"0.00"}},{"$f":"F764","v":{"v":0,"d":"0.00"}},null,{"$f":"H764","v":{"v":0,"d":"0.00"}}]
[null,"6.2.7","GLEBA SP","M3",{"$f":"E767","v":{"v":0,"d":"0.00"}},{"$f":"F767","v":{"v":0,"d":"0.00"}},null,{"$f":"H767","v":{"v":0,"d":"0.00"}}]
[]
[null,1,"ROÇAGEM DE VEGETAÇÃO",null,{"$f":"E429+E435+E439+E472+E494+E518+E522+E567","v":{"v":246398.45,"d":"246,398.45"}},{"$f":"F429+F435+F439+F472+F494+F518+F522+F567","v":{"v":279515.60000000003,"d":"279,515.60"}},null,{"$f":"H429+H435+H439+H472+H494+H518+H522+H567","v":{"v":156735.4241,"d":"156,735.42"}}]
[null,"1.1","CP-1 E CP-2","m",{"$f":"SUM(E430:E433)","v":{"v":31721.8,"d":"31,721.80"}},{"$f":"SUM(F430:F433)","v":{"v":31721.8,"d":"31,721.80"}},null,{"$f":"SUM(H430:H433)","v":{"v":16495.336000000003,"d":"16,495.34"}}]
[null,"1.1.1","CP-1 (1ª roçada)","m",{"v":7186.9,"d":"7,186.90"},{"v":7186.9,"d":"7,186.90"},0.52,{"$f":"G430*F430","v":{"v":3737.188,"d":"3,737.19"}}]
[null,"1.1.2","CP-2 (1ª roçada)","m",{"v":8674,"d":"8,674.00"},{"v":8674,"d":"8,674.00"},{"$f":"G430","v":0.52},{"$f":"G431*F431","v":{"v":4510.4800000000005,"d":"4,510.48"}}]
[null,"1.1.1","CP-1 (2ª roçada)","m",{"v":7186.9,"d":"7,186.90"},{"v":7186.9,"d":"7,186.90"},0.52,{"$f":"G432*F432","v":{"v":3737.188,"d":"3,737.19"}}]
[null,"1.1.2","CP-2 (2ª roçada)","m",{"v":8674,"d":"8,674.00"},{"v":8674,"d":"8,674.00"},{"$f":"G432","v":0.52},{"$f":"G433*F433","v":{"v":4510.4800000000005,"d":"4,510.48"}}]
[]
[null,"1.2","L.11 E L.11.2","m",{"$f":"SUM(E436:E437)","v":{"v":4800,"d":"4,800.00"}},{"$f":"SUM(F436:F437)","v":{"v":4800,"d":"4,800.00"}},null,{"$f":"SUM(H436:H437)","v":{"v":2496,"d":"2,496.00"}}]
[null,"1.2.1","L.11","m",{"v":900,"d":"900.00"},{"v":900,"d":"900.00"},0.52,{"$f":"G436*F436","v":{"v":468,"d":"468.00"}}]
[null,"1.2.2","L.11.2","m",{"v":3900,"d":"3,900.00"},{"v":3900,"d":"3,900.00"},{"$f":"G436","v":0.52},{"v":2028,"d":"2,028.00"}]
[]
[null,"1.3","GLEBA A","m",{"$f":"SUM(E440:E470)","v":{"v":66498.47,"d":"66,498.47"}},{"$f":"SUM(F440:F470)","v":{"v":66498.47,"d":"66,498.47"}},null,{"$f":"SUM(H440:H470)","v":{"v":33914.2197,"d":"33,914.22"}}]
[null,"1.3.1"," CP / A2","m",{"v":10234.1,"d":"10,234.10"},{"v":10234.1,"d":"10,234.10"},0.51,{"$f":"G440*F440","v":{"v":5219.3910000000005,"d":"5,219.39"}}]
[null,"1.3.2"," CS - 2 / A2","m",{"v":1684,"d":"1,684.00"},{"v":1684,"d":"1,684.00"},{"$f":"G$440","v":0.51},858.84]
[null,"1.3.3"," CT1 - S2 / A2","m",{"v":720,"d":"720.00"},{"v":720,"d":"720.00"},0.51,{"v":367.2,"d":"367.20"}]
[null,"1.3.4"," CT2 - S2 / A2","m",380.78,380.78,0.51,{"v":194.1978,"d":"194.20"}]
[null,"1.3.5"," CT3 - S2 / A2","m",{"v":720,"d":"720.00"},{"v":720,"d":"720.00"},0.51,{"v":367.2,"d":"367.20"}]
[null,"1.3.6"," CT4 - S2 / A2","m",639.83,639.83,0.51,{"v":326.3133,"d":"326.31"}]
[null,"1.3.7"," CP / A4","m",{"v":11013.73,"d":"11,013.73"},{"v":11013.73,"d":"11,013.73"},0.51,{"v":5617.0023,"d":"5,617.00"}]
[null,"1.3.8"," CS - 1 / A4","m",{"v":720,"d":"720.00"},{"v":720,"d":"720.00"},0.51,{"v":367.2,"d":"367.20"}]
[null,"1.3.9"," CS - 2 / A4","m",{"v":2520,"d":"2,520.00"},{"v":2520,"d":"2,520.00"},0.51,{"v":1285.2,"d":"1,285.20"}]
[null,"1.3.10"," CT1 - S2 / A4","m",{"v":1840,"d":"1,840.00"},{"v":1840,"d":"1,840.00"},0.51,{"v":938.4,"d":"938.40"}]
[null,"1.3.11"," CT3 - S2 / A4","m",{"v":1280,"d":"1,280.00"},{"v":1280,"d":"1,280.00"},0.51,{"v":652.8,"d":"652.80"}]
[null,"1.3.12"," CT4 - S2 / A4","m",{"v":440,"d":"440.00"},{"v":440,"d":"440.00"},0.51,{"v":224.4,"d":"224.40"}]
[null,"1.3.13"," CT5 - S2 / A4","m",{"v":720,"d":"720.00"},{"v":720,"d":"720.00"},0.51,{"v":367.2,"d":"367.20"}]
[null,"1.3.14"," CT6 - S2 / A4","m",{"v":720,"d":"720.00"},{"v":720,"d":"720.00"},0.51,{"v":367.2,"d":"367.20"}]
[null,"1.3.15"," CS - 4 / A4","m",{"v":5282.03,"d":"5,282.03"},{"v":5282.03,"d":"5,282.03"},0.51,{"v":2693.8352999999997,"d":"2,693.84"}]
[null,"1.3.16"," CT1 - S4 / A4","m",{"v":600,"d":"600.00"},{"v":600,"d":"600.00"},0.51,{"v":306,"d":"306.00"}]
[null,"1.3.17"," CT2 - S4 / A4","m",{"v":990,"d":"990.00"},{"v":990,"d":"990.00"},0.51,{"v":504.90000000000003,"d":"504.90"}]
[null,"1.3.18"," CT3 - S4 / A4","m",{"v":800,"d":"800.00"},{"v":800,"d":"800.00"},0.51,{"v":408,"d":"408.00"}]
[null,"1.3.19"," CT4 - S4 / A4","m",{"v":1550,"d":"1,550.00"},{"v":1550,"d":"1,550.00"},0.51,{"v":790.5,"d":"790.50"}]
[null,"1.3.20"," CT5 - S4 / A4","m",{"v":1410,"d":"1,410.00"},{"v":1410,"d":"1,410.00"},0.51,{"v":719.1,"d":"719.10"}]
[null,"1.3.21"," CT6 - S4 / A4","m",{"v":2200,"d":"2,200.00"},{"v":2200,"d":"2,200.00"},0.51,{"v":1122,"d":"1,122.00"}]
[null,"1.3.22"," CT7 - S4 / A4","m",{"v":1690,"d":"1,690.00"},{"v":1690,"d":"1,690.00"},0.51,{"v":861.9,"d":"861.90"}]
[null,"1.3.23"," CS - 6 / A4","m",{"v":3364,"d":"3,364.00"},{"v":3364,"d":"3,364.00"},0.51,{"v":1715.64,"d":"1,715.64"}]
[null,"1.3.24"," CT1 - S6 / A4","m",{"v":2110,"d":"2,110.00"},{"v":2110,"d":"2,110.00"},0.51,{"v":1076.1,"d":"1,076.10"}]
[null,"1.3.25"," CT2 - S6 / A4","m",{"v":1980,"d":"1,980.00"},{"v":1980,"d":"1,980.00"},0.51,{"v":1009.8000000000001,"d":"1,009.80"}]
[null,"1.3.26"," CT3 - S6 / A4","m",{"v":1970,"d":"1,970.00"},{"v":1970,"d":"1,970.00"},0.51,{"v":1004.7,"d":"1,004.70"}]
[null,"1.3.27"," CT4 - S6 / A4","m",{"v":1600,"d":"1,600.00"},{"v":1600,"d":"1,600.00"},0.51,{"v":816,"d":"816.00"}]
[null,"1.3.28"," CT5 - S6 / A4","m",{"v":1830,"d":"1,830.00"},{"v":1830,"d":"1,830.00"},0.51,{"v":933.3000000000001,"d":"933.30"}]
[null,"1.3.29"," CT6 - S6 / A4","m",{"v":1970,"d":"1,970.00"},{"v":1970,"d":"1,970.00"},0.51,{"v":1004.7,"d":"1,004.70"}]
[null,"1.3.30"," CT7 - S6 / A4","m",{"v":1830,"d":"1,830.00"},{"v":1830,"d":"1,830.00"},0.51,{"v":933.3000000000001,"d":"933.30"}]
[null,"1.3.31"," CT8 - S6 / A4","m",{"v":1690,"d":"1,690.00"},{"v":1690,"d":"1,690.00"},0.51,{"v":861.9,"d":"861.90"}]
[]
[null,"1.4","GLEBA B","m",{"$f":"SUM(E473:E492)","v":{"v":28987.86,"d":"28,987.86"}},{"$f":"SUM(F473:F492)","v":{"v":28987.86,"d":"28,987.86"}},null,{"$f":"SUM(H473:H492)","v":{"v":14493.93,"d":"14,493.93"}}]
[null,"1.4.1"," ADUTOR / B","m",{"v":383.8,"d":"383.80"},{"v":383.8,"d":"383.80"},{"v":0.5,"d":"0.50"},{"$f":"G473*F473","v":{"v":191.9,"d":"191.90"}}]
[null,"1.4.2"," PULMÃO / B","m",335.21,335.21,{"$f":"G$473","v":{"v":0.5,"d":"0.50"}},{"v":167.605,"d":"167.61"}]
[null,"1.4.3"," CP / B","m",{"v":8900.53,"d":"8,900.53"},{"v":8900.53,"d":"8,900.53"},{"v":0.5,"d":"0.50"},{"v":4450.265,"d":"4,450.27"}]
[null,"1.4.4"," CS - 1 / B","m",{"v":380,"d":"380.00"},{"v":380,"d":"380.00"},{"v":0.5,"d":"0.50"},{"v":190,"d":"190.00"}]
[null,"1.4.5"," CS - 3 / B","m",{"v":980,"d":"980.00"},{"v":980,"d":"980.00"},{"v":0.5,"d":"0.50"},{"v":490,"d":"490.00"}]
[null,"1.4.6"," CS - 5 / B","m",{"v":140,"d":"140.00"},{"v":140,"d":"140.00"},{"v":0.5,"d":"0.50"},{"v":70,"d":"70.00"}]
[null,"1.4.7"," CS - 6 / B","m",{"v":425,"d":"425.00"},{"v":425,"d":"425.00"},{"v":0.5,"d":"0.50"},{"v":212.5,"d":"212.50"}]
[null,"1.4.8"," CS - 7 / B","m",{"v":740,"d":"740.00"},{"v":740,"d":"740.00"},{"v":0.5,"d":"0.50"},{"v":370,"d":"370.00"}]
[null,"1.4.9"," CS - 8 / B","m",{"v":480,"d":"480.00"},{"v":480,"d":"480.00"},{"v":0.5,"d":"0.50"},{"v":240,"d":"240.00"}]
[null,"1.4.10"," CS - 9 / B","m",{"v":1600,"d":"1,600.00"},{"v":1600,"d":"1,600.00"},{"v":0.5,"d":"0.50"},{"v":800,"d":"800.00"}]
[null,"1.4.11"," CS - 12 / B","m",{"v":2920.39,"d":"2,920.39"},{"v":2920.39,"d":"2,920.39"},{"v":0.5,"d":"0.50"},{"v":1460.195,"d":"1,460.20"}]
[null,"1.4.12"," CS - 13 / B","m",{"v":1881.85,"d":"1,881.85"},{"v":1881.85,"d":"1,881.85"},{"v":0.5,"d":"0.50"},{"v":940.925,"d":"940.93"}]
[null,"1.4.13"," CS - 14 / B","m",{"v":1700,"d":"1,700.00"},{"v":1700,"d":"1,700.00"},{"v":0.5,"d":"0.50"},{"v":850,"d":"850.00"}]
[null,"1.4.14"," CS - 15 / B","m",{"v":1414,"d":"1,414.00"},{"v":1414,"d":"1,414.00"},{"v":0.5,"d":"0.50"},{"v":707,"d":"707.00"}]
[null,"1.4.15"," CS - 16 / B","m",{"v":1694,"d":"1,694.00"},{"v":1694,"d":"1,694.00"},{"v":0.5,"d":"0.50"},{"v":847,"d":"847.00"}]
[null,"1.4.16"," CS - 17 / B","m",{"v":1140,"d":"1,140.00"},{"v":1140,"d":"1,140.00"},{"v":0.5,"d":"0.50"},{"v":570,"d":"570.00"}]
[null,"1.4.17"," CS - 18 / B","m",{"v":440,"d":"440.00"},{"v":440,"d":"440.00"},{"v":0.5,"d":"0.50"},{"v":220,"d":"220.00"}]
[null,"1.4.18"," CS - 19 / B","m",{"v":1004,"d":"1,004.00"},{"v":1004,"d":"1,004.00"},{"v":0.5,"d":"0.50"},{"v":502,"d":"502.00"}]
[null,"1.4.19"," CT1 - S19 / B","m",{"v":430,"d":"430.00"},{"v":430,"d":"430.00"},{"v":0.5,"d":"0.50"},{"v":215,"d":"215.00"}]
[null,"1.4.20"," CS - 21 / B","m",{"v":1999.08,"d":"1,999.08"},{"v":1999.08,"d":"1,999.08"},{"v":0.5,"d":"0.50"},999.54]
[]
[null,"1.5","GLEBA C2","m",{"$f":"SUM(E495:E516)","v":{"v":76263.29999999999,"d":"76,263.30"}},{"$f":"SUM(F495:F516)","v":{"v":76263.29999999999,"d":"76,263.30"}},null,{"$f":"SUM(H495:H516)","v":{"v":53384.31,"d":"53,384.31"}}]
[null,"1.5.1"," CP / C2","m",{"v":15539.31,"d":"15,539.31"},{"v":15539.31,"d":"15,539.31"},{"v":0.7,"d":"0.70"},{"$f":"G495*F495","v":{"v":10877.517,"d":"10,877.52"}}]
[null,"1.5.2"," CS - 1 / C2","m",{"v":2829.67,"d":"2,829.67"},{"v":2829.67,"d":"2,829.67"},{"$f":"G$495","v":{"v":0.7,"d":"0.70"}},{"v":1980.769,"d":"1,980.77"}]
[null,"1.5.3"," CS - 2 / C2","m",{"v":1484,"d":"1,484.00"},{"v":1484,"d":"1,484.00"},{"v":0.7,"d":"0.70"},{"v":1038.8,"d":"1,038.80"}]
[null,"1.5.4"," CS - 3 / C2","m",{"v":5683.27,"d":"5,683.27"},{"v":5683.27,"d":"5,683.27"},{"v":0.7,"d":"0.70"},{"v":3978.289,"d":"3,978.29"}]
[null,"1.5.5"," CS - 4 / C2","m",{"v":1477,"d":"1,477.00"},{"v":1477,"d":"1,477.00"},{"v":0.7,"d":"0.70"},{"v":1033.8999999999999,"d":"1,033.90"}]
[null,"1.5.6"," CS - 5 / C2","m",{"v":3959,"d":"3,959.00"},{"v":3959,"d":"3,959.00"},{"v":0.7,"d":"0.70"},{"v":2771.2999999999997,"d":"2,771.30"}]
[null,"1.5.7"," CS - 6 / C2","m",{"v":2002,"d":"2,002.00"},{"v":2002,"d":"2,002.00"},{"v":0.7,"d":"0.70"},{"v":1401.3999999999999,"d":"1,401.40"}]
[null,"1.5.8"," CS - 7 / C2","m",{"v":4720.25,"d":"4,720.25"},{"v":4720.25,"d":"4,720.25"},{"v":0.7,"d":"0.70"},{"v":3304.1749999999997,"d":"3,304.18"}]
[null,"1.5.9"," CT1 - S7 / C2","m",{"v":1135,"d":"1,135.00"},{"v":1135,"d":"1,135.00"},{"v":0.7,"d":"0.70"},{"v":794.5,"d":"794.50"}]
[null,"1.5.10"," CS - 8 / C2","m",{"v":2002,"d":"2,002.00"},{"v":2002,"d":"2,002.00"},{"v":0.7,"d":"0.70"},{"v":1401.3999999999999,"d":"1,401.40"}]
[null,"1.5.11"," CS - 9 / C2","m",{"v":5222.57,"d":"5,222.57"},{"v":5222.57,"d":"5,222.57"},{"v":0.7,"d":"0.70"},{"v":3655.7989999999995,"d":"3,655.80"}]
[null,"1.5.12"," CS - 10 / C2","m",{"v":2002,"d":"2,002.00"},{"v":2002,"d":"2,002.00"},{"v":0.7,"d":"0.70"},{"v":1401.3999999999999,"d":"1,401.40"}]
[null,"1.5.13"," CS - 11 / C2","m",{"v":6910.9,"d":"6,910.90"},{"v":6910.9,"d":"6,910.90"},{"v":0.7,"d":"0.70"},{"v":4837.629999999999,"d":"4,837.63"}]
[null,"1.5.14"," CT1 - S11 / C2","m",{"v":2352.5,"d":"2,352.50"},{"v":2352.5,"d":"2,352.50"},{"v":0.7,"d":"0.70"},{"v":1646.75,"d":"1,646.75"}]
[null,"1.5.15"," CT2 - S11 / C2","m",{"v":1110,"d":"1,110.00"},{"v":1110,"d":"1,110.00"},{"v":0.7,"d":"0.70"},{"v":777,"d":"777.00"}]
[null,"1.5.16"," CT3 - S11 / C2","m",{"v":3632.59,"d":"3,632.59"},{"v":3632.59,"d":"3,632.59"},{"v":0.7,"d":"0.70"},{"v":2542.813,"d":"2,542.81"}]
[null,"1.5.17"," CQ1 - T3 - S11 / C2","m",{"v":2826.2,"d":"2,826.20"},{"v":2826.2,"d":"2,826.20"},{"v":0.7,"d":"0.70"},{"v":1978.3399999999997,"d":"1,978.34"}]
[null,"1.5.18"," CS - 12 / C2","m",{"v":2850.04,"d":"2,850.04"},{"v":2850.04,"d":"2,850.04"},{"v":0.7,"d":"0.70"},{"v":1995.0279999999998,"d":"1,995.03"}]
[null,"1.5.19"," CT1 - S12 / C2","m",{"v":495,"d":"495.00"},{"v":495,"d":"495.00"},{"v":0.7,"d":"0.70"},{"v":346.5,"d":"346.50"}]
[null,"1.5.20"," CS - 13 / C2","m",{"v":5031,"d":"5,031.00"},{"v":5031,"d":"5,031.00"},{"v":0.7,"d":"0.70"},{"v":3521.7,"d":"3,521.70"}]
[null,"1.5.21"," CS - 14 / C2","m",{"v":1280,"d":"1,280.00"},{"v":1280,"d":"1,280.00"},{"v":0.7,"d":"0.70"},{"v":896,"d":"896.00"}]
[null,"1.5.22"," CS - 16 / C2","m",{"v":1719,"d":"1,719.00"},{"v":1719,"d":"1,719.00"},{"v":0.7,"d":"0.70"},{"v":1203.3,"d":"1,203.30"}]
[]
[null,"1.6","GLEBA C3","m",{"$f":"SUM(E519:E520)","v":{"v":5009.87,"d":"5,009.87"}},{"$f":"SUM(F519:F520)","v":{"v":5009.87,"d":"5,009.87"}},null,{"$f":"SUM(H519:H520)","v":{"v":2104.1454,"d":"2,104.15"}}]
[null,"1.6.1"," CP / C3","m",{"v":3209.87,"d":"3,209.87"},{"v":3209.87,"d":"3,209.87"},0.42,{"$f":"G519*F519","v":{"v":1348.1453999999999,"d":"1,348.15"}}]
[null,"1.6.2"," CS - 1 / C3","m",{"v":1800,"d":"1,800.00"},{"v":1800,"d":"1,800.00"},{"$f":"G519","v":0.42},{"v":756,"d":"756.00"}]
[]
[null,"1.7","GLEBA D","m",{"$f":"SUM(E523:E565)","v":{"v":27505.45,"d":"27,505.45"}},{"$f":"SUM(F523:F565)","v":{"v":55010.9,"d":"55,010.90"}},null,{"$f":"SUM(H523:H565)","v":{"v":30255.995000000003,"d":"30,256.00"}}]
[null,"1.7.1","L.1","m",{"v":414.4,"d":"414.40"},{"v":828.8,"d":"828.80"},0.55,{"$f":"G523*F523","v":{"v":455.84000000000003,"d":"455.84"}}]
[null,"1.7.2","L.1.1","m",{"v":781,"d":"781.00"},{"v":1562,"d":"1,562.00"},{"$f":"G523","v":0.55},{"v":859.1,"d":"859.10"}]
[null,"1.7.3","L.1.2","m",{"v":906,"d":"906.00"},{"v":1812,"d":"1,812.00"},{"$f":"G524","v":0.55},{"v":996.6000000000001,"d":"996.60"}]
[null,"1.7.4","L.3","m",{"v":3566.3,"d":"3,566.30"},{"v":7132.6,"d":"7,132.60"},0.55,{"v":3922.9300000000003,"d":"3,922.93"}]
[null,"1.7.5","L.3.1","m",{"v":135.4,"d":"135.40"},{"v":270.8,"d":"270.80"},0.55,{"v":148.94000000000003,"d":"148.94"}]
[null,"1.7.6","L.3.1.1","m",{"v":58.5,"d":"58.50"},{"v":117,"d":"117.00"},0.55,{"v":64.35000000000001,"d":"64.35"}]
[null,"1.7.7","L.3.1.2","m",{"v":165.9,"d":"165.90"},{"v":331.8,"d":"331.80"},0.55,182.49]
[null,"1.7.8","L.3.2","m",{"v":193,"d":"193.00"},{"v":386,"d":"386.00"},0.55,{"v":212.3,"d":"212.30"}]
[null,"1.7.9","L.3.3","m",{"v":95.9,"d":"95.90"},{"v":191.8,"d":"191.80"},0.55,{"v":105.49000000000001,"d":"105.49"}]
[null,"1.7.10","L.3.4","m",{"v":253.8,"d":"253.80"},{"v":507.6,"d":"507.60"},0.55,279.18]
[null,"1.7.11","L.3.5","m",{"v":856.6,"d":"856.60"},{"v":1713.2,"d":"1,713.20"},0.55,{"v":942.2600000000001,"d":"942.26"}]
[null,"1.7.12","L.4","m",416.25,{"v":832.5,"d":"832.50"},0.55,{"v":457.87500000000006,"d":"457.88"}]
[null,"1.7.13","L.5","m",299.85,{"v":599.7,"d":"599.70"},0.55,{"v":329.83500000000004,"d":"329.84"}]
[null,"1.7.14","L.6","m",{"v":541.5,"d":"541.50"},{"v":1083,"d":"1,083.00"},0.55,{"v":595.6500000000001,"d":"595.65"}]
[null,"1.7.15","L.8","m",{"v":4330.8,"d":"4,330.80"},{"v":8661.6,"d":"8,661.60"},0.55,{"v":4763.880000000001,"d":"4,763.88"}]
[null,"1.7.16","L.8.1","m",{"v":535.5,"d":"535.50"},{"v":1071,"d":"1,071.00"},0.55,{"v":589.0500000000001,"d":"589.05"}]
[null,"1.7.16","L.8.2","m",{"v":145.4,"d":"145.40"},{"v":290.8,"d":"290.80"},0.55,{"v":159.94000000000003,"d":"159.94"}]
[null,"1.7.16","L.8.3","m",{"v":2147.1,"d":"2,147.10"},{"v":4294.2,"d":"4,294.20"},0.55,{"v":2361.81,"d":"2,361.81"}]
[null,"1.7.16","L.8.3.1","m",{"v":404.8,"d":"404.80"},{"v":809.6,"d":"809.60"},0.55,{"v":445.28000000000003,"d":"445.28"}]
[null,"1.7.16","L.8.3.2","m",{"v":93.5,"d":"93.50"},{"v":187,"d":"187.00"},0.55,{"v":102.85000000000001,"d":"102.85"}]
[null,"1.7.16","L.8.3.3","m",{"v":221,"d":"221.00"},{"v":442,"d":"442.00"},0.55,{"v":243.10000000000002,"d":"243.10"}]
[null,"1.7.16","L.8.3.4","m",{"v":274.2,"d":"274.20"},{"v":548.4,"d":"548.40"},0.55,301.62]
[null,"1.7.16","L.8.3.6","m",{"v":95,"d":"95.00"},{"v":190,"d":"190.00"},0.55,{"v":104.50000000000001,"d":"104.50"}]
[null,"1.7.16","L.8.4","m",{"v":966.5,"d":"966.50"},{"v":1933,"d":"1,933.00"},0.55,{"v":1063.15,"d":"1,063.15"}]
[null,"1.7.16","L.8.5","m",{"v":360,"d":"360.00"},{"v":720,"d":"720.00"},0.55,{"v":396.00000000000006,"d":"396.00"}]
[null,"1.7.16","L.8.6","m",{"v":294.5,"d":"294.50"},{"v":589,"d":"589.00"},0.55,{"v":323.95000000000005,"d":"323.95"}]
[null,"1.7.16","L.8.7","m",111.25,{"v":222.5,"d":"222.50"},0.55,{"v":122.37500000000001,"d":"122.38"}]
[null,"1.7.16","L.8.8","m",{"v":0,"d":"0.00"},{"v":0,"d":"0.00"},0.55,{"v":0,"d":"0.00"}]
[null,"1.7.16","L.8.9","m",{"v":229,"d":"229.00"},{"v":458,"d":"458.00"},0.55,{"v":251.90000000000003,"d":"251.90"}]
[null,"1.7.16","L.8.10","m",{"v":391.7,"d":"391.70"},{"v":783.4,"d":"783.40"},0.55,430.87]
[null,"1.7.16","L.8.11","m",{"v":799.3,"d":"799.30"},{"v":1598.6,"d":"1,598.60"},0.55,879.23]
[null,"1.7.16","L.8.11.1","m",{"v":312.6,"d":"312.60"},{"v":625.2,"d":"625.20"},0.55,{"v":343.86000000000007,"d":"343.86"}]
[null,"1.7.16","L.8.12","m",{"v":443.2,"d":"443.20"},{"v":886.4,"d":"886.40"},0.55,{"v":487.52000000000004,"d":"487.52"}]
[null,"1.7.16","L.8.14","m",{"v":933,"d":"933.00"},{"v":1866,"d":"1,866.00"},0.55,{"v":1026.3000000000002,"d":"1,026.30"}]
[null,"1.7.16","L.9","m",{"v":2933.5,"d":"2,933.50"},{"v":5867,"d":"5,867.00"},0.55,{"v":3226.8500000000004,"d":"3,226.85"}]
[null,"1.7.16","L.9.1","m",{"v":737.8,"d":"737.80"},{"v":1475.6,"d":"1,475.60"},0.55,811.58]
[null,"1.7.16","L.9.2","m",{"v":0,"d":"0.00"},{"v":0,"d":"0.00"},0.55,{"v":0,"d":"0.00"}]
[null,"1.7.16","L.9.4","m",{"v":0,"d":"0.00"},{"v":0,"d":"0.00"},0.55,{"v":0,"d":"0.00"}]
[null,"1.7.16","L.9.5","m",{"v":123.3,"d":"123.30"},{"v":246.6,"d":"246.60"},0.55,135.63]
[null,"1.7.16","L.10","m",{"v":1123.7,"d":"1,123.70"},{"v":2247.4,"d":"2,247.40"},0.55,{"v":1236.0700000000002,"d":"1,236.07"}]
[null,"1.7.16","L.10.1","m",{"v":767,"d":"767.00"},{"v":1534,"d":"1,534.00"},0.55,{"v":843.7,"d":"843.70"}]
[null,"1.7.16","L.10.2","m",{"v":0,"d":"0.00"},{"v":0,"d":"0.00"},0.55,{"v":0,"d":"0.00"}]
[null,"1.7.16","L.10.3","m",{"v":47.4,"d":"47.40"},{"v":94.8,"d":"94.80"},0.55,52.14]
[]
[null,"1.8","GLEBA F ","m",{"$f":"SUM(E568:E569)","v":{"v":5611.7,"d":"5,611.70"}},{"$f":"SUM(F568:F569)","v":{"v":11223.4,"d":"11,223.40"}},null,{"$f":"SUM(H568:H569)","v":{"v":3591.488,"d":"3,591.49"}}]
[null,"1.8.1","CS - 1 / F","m",{"v":3265.05,"d":"3,265.05"},{"v":6530.1,"d":"6,530.10"},0.32,{"$f":"G568*F568","v":{"v":2089.632,"d":"2,089.63"}}]
[null,"1.8.2","CS - 3 / F","m",{"v":2346.6499999999996,"d":"2,346.65"},{"v":4693.299999999999,"d":"4,693.30"},{"$f":"G568","v":0.32},{"v":1501.8559999999998,"d":"1,501.86"}]
[]
[null,2,"COMBATE A FORMIGUEIROS EM CANAIS","m",{"$f":"E573+E606+E628+E652+E656+E701","v":{"v":209876.65000000002,"d":"209,876.65"}},{"$f":"F573+F606+F628+F652+F656+F701","v":{"v":209876.65000000002,"d":"209,876.65"}},null,{"$f":"H573+H606+H628+H652+H656+H701","v":{"v":8395.065999999999,"d":"8,395.07"}}]
[]
[null,"2.1","GLEBA A","m",{"$f":"SUM(E574:E604)","v":{"v":66498.47,"d":"66,498.47"}},{"$f":"SUM(F574:F604)","v":{"v":66498.47,"d":"66,498.47"}},null,{"$f":"SUM(H574:H604)","v":{"v":2659.9387999999994,"d":"2,659.94"}}]
[null,"2.1.1"," CP / A2","m",{"v":10234.1,"d":"10,234.10"},{"v":10234.1,"d":"10,234.10"},0.04,{"$f":"G574*F574","v":{"v":409.36400000000003,"d":"409.36"}}]
[null,"2.1.2"," CS - 2 / A2","m",{"v":1684,"d":"1,684.00"},{"v":1684,"d":"1,684.00"},{"$f":"G$574","v":0.04},67.36]
[null,"2.1.3"," CT1 - S2 / A2","m",{"v":720,"d":"720.00"},{"v":720,"d":"720.00"},0.04,{"v":28.8,"d":"28.80"}]
[null,"2.1.4"," CT2 - S2 / A2","m",380.78,380.78,0.04,{"v":15.2312,"d":"15.23"}]
[null,"2.1.5"," CT3 - S2 / A2","m",{"v":720,"d":"720.00"},{"v":720,"d":"720.00"},0.04,{"v":28.8,"d":"28.80"}]
[null,"2.1.6"," CT4 - S2 / A2","m",639.83,639.83,0.04,{"v":25.593200000000003,"d":"25.59"}]
[null,"2.1.7"," CP / A4","m",{"v":11013.73,"d":"11,013.73"},{"v":11013.73,"d":"11,013.73"},0.04,{"v":440.5492,"d":"440.55"}]
[null,"2.1.8"," CS - 1 / A4","m",{"v":720,"d":"720.00"},{"v":720,"d":"720.00"},0.04,{"v":28.8,"d":"28.80"}]
[null,"2.1.9"," CS - 2 / A4","m",{"v":2520,"d":"2,520.00"},{"v":2520,"d":"2,520.00"},0.04,{"v":100.8,"d":"100.80"}]
[null,"2.1.10"," CT1 - S2 / A4","m",{"v":1840,"d":"1,840.00"},{"v":1840,"d":"1,840.00"},0.04,{"v":73.60000000000001,"d":"73.60"}]
[null,"2.1.11"," CT3 - S2 / A4","m",{"v":1280,"d":"1,280.00"},{"v":1280,"d":"1,280.00"},0.04,{"v":51.2,"d":"51.20"}]
[null,"2.1.12"," CT4 - S2 / A4","m",{"v":440,"d":"440.00"},{"v":440,"d":"440.00"},0.04,{"v":17.6,"d":"17.60"}]
[null,"2.1.13"," CT5 - S2 / A4","m",{"v":720,"d":"720.00"},{"v":720,"d":"720.00"},0.04,{"v":28.8,"d":"28.80"}]
[null,"2.1.14"," CT6 - S2 / A4","m",{"v":720,"d":"720.00"},{"v":720,"d":"720.00"},0.04,{"v":28.8,"d":"28.80"}]
[null,"2.1.15"," CS - 4 / A4","m",{"v":5282.03,"d":"5,282.03"},{"v":5282.03,"d":"5,282.03"},0.04,{"v":211.28119999999998,"d":"211.28"}]
[null,"2.1.16"," CT1 - S4 / A4","m",{"v":600,"d":"600.00"},{"v":600,"d":"600.00"},0.04,{"v":24,"d":"24.00"}]
[null,"2.1.17"," CT2 - S4 / A4","m",{"v":990,"d":"990.00"},{"v":990,"d":"990.00"},0.04,{"v":39.6,"d":"39.60"}]
[null,"2.1.18"," CT3 - S4 / A4","m",{"v":800,"d":"800.00"},{"v":800,"d":"800.00"},0.04,{"v":32,"d":"32.00"}]
[null,"2.1.19"," CT4 - S4 / A4","m",{"v":1550,"d":"1,550.00"},{"v":1550,"d":"1,550.00"},0.04,{"v":62,"d":"62.00"}]
[null,"2.1.20"," CT5 - S4 / A4","m",{"v":1410,"d":"1,410.00"},{"v":1410,"d":"1,410.00"},0.04,{"v":56.4,"d":"56.40"}]
[null,"2.1.21"," CT6 - S4 / A4","m",{"v":2200,"d":"2,200.00"},{"v":2200,"d":"2,200.00"},0.04,{"v":88,"d":"88.00"}]
[null,"2.1.22"," CT7 - S4 / A4","m",{"v":1690,"d":"1,690.00"},{"v":1690,"d":"1,690.00"},0.04,{"v":67.6,"d":"67.60"}]
[null,"2.1.23"," CS - 6 / A4","m",{"v":3364,"d":"3,364.00"},{"v":3364,"d":"3,364.00"},0.04,134.56]
[null,"2.1.24"," CT1 - S6 / A4","m",{"v":2110,"d":"2,110.00"},{"v":2110,"d":"2,110.00"},0.04,{"v":84.4,"d":"84.40"}]
[null,"2.1.25"," CT2 - S6 / A4","m",{"v":1980,"d":"1,980.00"},{"v":1980,"d":"1,980.00"},0.04,{"v":79.2,"d":"79.20"}]
[null,"2.1.26"," CT3 - S6 / A4","m",{"v":1970,"d":"1,970.00"},{"v":1970,"d":"1,970.00"},0.04,{"v":78.8,"d":"78.80"}]
[null,"2.1.27"," CT4 - S6 / A4","m",{"v":1600,"d":"1,600.00"},{"v":1600,"d":"1,600.00"},0.04,{"v":64,"d":"64.00"}]
[null,"2.1.28"," CT5 - S6 / A4","m",{"v":1830,"d":"1,830.00"},{"v":1830,"d":"1,830.00"},0.04,{"v":73.2,"d":"73.20"}]
[null,"2.1.29"," CT6 - S6 / A4","m",{"v":1970,"d":"1,970.00"},{"v":1970,"d":"1,970.00"},0.04,{"v":78.8,"d":"78.80"}]
[null,"2.1.30"," CT7 - S6 / A4","m",{"v":1830,"d":"1,830.00"},{"v":1830,"d":"1,830.00"},0.04,{"v":73.2,"d":"73.20"}]
[null,"2.1.31"," CT8 - S6 / A4","m",{"v":1690,"d":"1,690.00"},{"v":1690,"d":"1,690.00"},0.04,{"v":67.6,"d":"67.60"}]
[]
[null,"2.2","GLEBA B","m",{"$f":"SUM(E607:E626)","v":{"v":28987.86,"d":"28,987.86"}},{"$f":"SUM(F607:F626)","v":{"v":28987.86,"d":"28,987.86"}},null,{"$f":"SUM(H607:H626)","v":{"v":1159.5144,"d":"1,159.51"}}]
[null,"2.2.1"," ADUTOR / B","m",{"v":383.8,"d":"383.80"},{"v":383.8,"d":"383.80"},0.04,{"$f":"G607*F607","v":{"v":15.352,"d":"15.35"}}]
[null,"2.2.2"," PULMÃO / B","m",335.21,335.21,{"$f":"G607","v":0.04},{"v":13.4084,"d":"13.41"}]
[null,"2.2.3"," CP / B","m",{"v":8900.53,"d":"8,900.53"},{"v":8900.53,"d":"8,900.53"},{"$f":"G608","v":0.04},{"v":356.0212,"d":"356.02"}]
[null,"2.2.4"," CS - 1 / B","m",{"v":380,"d":"380.00"},{"v":380,"d":"380.00"},0.04,{"v":15.200000000000001,"d":"15.20"}]
[null,"2.2.5"," CS - 3 / B","m",{"v":980,"d":"980.00"},{"v":980,"d":"980.00"},0.04,{"v":39.2,"d":"39.20"}]
[null,"2.2.6"," CS - 5 / B","m",{"v":140,"d":"140.00"},{"v":140,"d":"140.00"},0.04,{"v":5.6000000000000005,"d":"5.60"}]
[null,"2.2.7"," CS - 6 / B","m",{"v":425,"d":"425.00"},{"v":425,"d":"425.00"},0.04,{"v":17,"d":"17.00"}]
[null,"2.2.8"," CS - 7 / B","m",{"v":740,"d":"740.00"},{"v":740,"d":"740.00"},0.04,{"v":29.6,"d":"29.60"}]
[null,"2.2.9"," CS - 8 / B","m",{"v":480,"d":"480.00"},{"v":480,"d":"480.00"},0.04,{"v":19.2,"d":"19.20"}]
[null,"2.2.10"," CS - 9 / B","m",{"v":1600,"d":"1,600.00"},{"v":1600,"d":"1,600.00"},0.04,{"v":64,"d":"64.00"}]
[null,"2.2.11"," CS - 12 / B","m",{"v":2920.39,"d":"2,920.39"},{"v":2920.39,"d":"2,920.39"},0.04,{"v":116.8156,"d":"116.82"}]
[null,"2.2.12"," CS - 13 / B","m",{"v":1881.85,"d":"1,881.85"},{"v":1881.85,"d":"1,881.85"},0.04,{"v":75.274,"d":"75.27"}]
[null,"2.2.13"," CS - 14 / B","m",{"v":1700,"d":"1,700.00"},{"v":1700,"d":"1,700.00"},0.04,{"v":68,"d":"68.00"}]
[null,"2.2.14"," CS - 15 / B","m",{"v":1414,"d":"1,414.00"},{"v":1414,"d":"1,414.00"},0.04,56.56]
[null,"2.2.15"," CS - 16 / B","m",{"v":1694,"d":"1,694.00"},{"v":1694,"d":"1,694.00"},0.04,67.76]
[null,"2.2.16"," CS - 17 / B","m",{"v":1140,"d":"1,140.00"},{"v":1140,"d":"1,140.00"},0.04,{"v":45.6,"d":"45.60"}]
[null,"2.2.17"," CS - 18 / B","m",{"v":440,"d":"440.00"},{"v":440,"d":"440.00"},0.04,{"v":17.6,"d":"17.60"}]
[null,"2.2.18"," CS - 19 / B","m",{"v":1004,"d":"1,004.00"},{"v":1004,"d":"1,004.00"},0.04,{"v":40.160000000000004,"d":"40.16"}]
[null,"2.2.19"," CT1 - S19 / B","m",{"v":430,"d":"430.00"},{"v":430,"d":"430.00"},0.04,{"v":17.2,"d":"17.20"}]
[null,"2.2.20"," CS - 21 / B","m",{"v":1999.08,"d":"1,999.08"},{"v":1999.08,"d":"1,999.08"},0.04,{"v":79.9632,"d":"79.96"}]
[]
[null,"2.3","GLEBA C2","m",{"$f":"SUM(E629:E650)","v":{"v":76263.29999999999,"d":"76,263.30"}},{"$f":"SUM(F629:F650)","v":{"v":76263.29999999999,"d":"76,263.30"}},null,{"$f":"SUM(H629:H650)","v":{"v":3050.532,"d":"3,050.53"}}]
[null,"2.3.1"," CP / C2","m",{"v":15539.31,"d":"15,539.31"},{"v":15539.31,"d":"15,539.31"},0.04,{"$f":"G629*F629","v":{"v":621.5724,"d":"621.57"}}]
[null,"2.3.2"," CS - 1 / C2","m",{"v":2829.67,"d":"2,829.67"},{"v":2829.67,"d":"2,829.67"},{"$f":"G$629","v":0.04},{"v":113.1868,"d":"113.19"}]
[null,"2.3.3"," CS - 2 / C2","m",{"v":1484,"d":"1,484.00"},{"v":1484,"d":"1,484.00"},0.04,59.36]
[null,"2.3.4"," CS - 3 / C2","m",{"v":5683.27,"d":"5,683.27"},{"v":5683.27,"d":"5,683.27"},0.04,{"v":227.3308,"d":"227.33"}]
[null,"2.3.5"," CS - 4 / C2","m",{"v":1477,"d":"1,477.00"},{"v":1477,"d":"1,477.00"},0.04,59.08]
[null,"2.3.6"," CS - 5 / C2","m",{"v":3959,"d":"3,959.00"},{"v":3959,"d":"3,959.00"},0.04,158.36]
[null,"2.3.7"," CS - 6 / C2","m",{"v":2002,"d":"2,002.00"},{"v":2002,"d":"2,002.00"},0.04,80.08]
[null,"2.3.8"," CS - 7 / C2","m",{"v":4720.25,"d":"4,720.25"},{"v":4720.25,"d":"4,720.25"},0.04,188.81]
[null,"2.3.9"," CT1 - S7 / C2","m",{"v":1135,"d":"1,135.00"},{"v":1135,"d":"1,135.00"},0.04,{"v":45.4,"d":"45.40"}]
[null,"2.3.10"," CS - 8 / C2","m",{"v":2002,"d":"2,002.00"},{"v":2002,"d":"2,002.00"},0.04,80.08]
[null,"2.3.11"," CS - 9 / C2","m",{"v":5222.57,"d":"5,222.57"},{"v":5222.57,"d":"5,222.57"},0.04,{"v":208.90279999999998,"d":"208.90"}]
[null,"2.3.12"," CS - 10 / C2","m",{"v":2002,"d":"2,002.00"},{"v":2002,"d":"2,002.00"},0.04,80.08]
[null,"2.3.13"," CS - 11 / C2","m",{"v":6910.9,"d":"6,910.90"},{"v":6910.9,"d":"6,910.90"},0.04,{"v":276.436,"d":"276.44"}]
[null,"2.3.14"," CT1 - S11 / C2","m",{"v":2352.5,"d":"2,352.50"},{"v":2352.5,"d":"2,352.50"},0.04,{"v":94.10000000000001,"d":"94.10"}]
[null,"2.3.15"," CT2 - S11 / C2","m",{"v":1110,"d":"1,110.00"},{"v":1110,"d":"1,110.00"},0.04,{"v":44.4,"d":"44.40"}]
[null,"2.3.16"," CT3 - S11 / C2","m",{"v":3632.59,"d":"3,632.59"},{"v":3632.59,"d":"3,632.59"},0.04,{"v":145.30360000000002,"d":"145.30"}]
[null,"2.3.17"," CQ1 - T3 - S11 / C2","m",{"v":2826.2,"d":"2,826.20"},{"v":2826.2,"d":"2,826.20"},0.04,{"v":113.048,"d":"113.05"}]
[null,"2.3.18"," CS - 12 / C2","m",{"v":2850.04,"d":"2,850.04"},{"v":2850.04,"d":"2,850.04"},0.04,{"v":114.0016,"d":"114.00"}]
[null,"2.3.19"," CT1 - S12 / C2","m",{"v":495,"d":"495.00"},{"v":495,"d":"495.00"},0.04,{"v":19.8,"d":"19.80"}]
[null,"2.3.20"," CS - 13 / C2","m",{"v":5031,"d":"5,031.00"},{"v":5031,"d":"5,031.00"},0.04,201.24]
[null,"2.3.21"," CS - 14 / C2","m",{"v":1280,"d":"1,280.00"},{"v":1280,"d":"1,280.00"},0.04,{"v":51.2,"d":"51.20"}]
[null,"2.3.22"," CS - 16 / C2","m",{"v":1719,"d":"1,719.00"},{"v":1719,"d":"1,719.00"},0.04,68.76]
[]
[null,"2.4","GLEBA C3","m",{"$f":"SUM(E653:E654)","v":{"v":5009.87,"d":"5,009.87"}},{"$f":"SUM(F653:F654)","v":{"v":5009.87,"d":"5,009.87"}},null,{"$f":"SUM(H653:H654)","v":{"v":200.3948,"d":"200.39"}}]
[null,"2.4.1"," CP / C3","m",{"v":3209.87,"d":"3,209.87"},{"v":3209.87,"d":"3,209.87"},0.04,{"$f":"G653*F653","v":{"v":128.3948,"d":"128.39"}}]
[null,"2.4.2"," CS - 1 / C3","m",{"v":1800,"d":"1,800.00"},{"v":1800,"d":"1,800.00"},{"$f":"G653","v":0.04},{"v":72,"d":"72.00"}]
[]
[null,"2.5","GLEBA D","m",{"$f":"SUM(E657:E699)","v":{"v":27505.45,"d":"27,505.45"}},{"$f":"SUM(F657:F699)","v":{"v":27505.45,"d":"27,505.45"}},null,{"$f":"SUM(H657:H699)","v":{"v":1100.218,"d":"1,100.22"}}]
[null,"2.5.1","L.1","m",{"v":414.4,"d":"414.40"},{"v":414.4,"d":"414.40"},0.04,{"$f":"G657*F657","v":{"v":16.576,"d":"16.58"}}]
[null,"2.5.2","L.1.1","m",{"v":781,"d":"781.00"},{"v":781,"d":"781.00"},{"$f":"G$657","v":0.04},{"v":31.240000000000002,"d":"31.24"}]
[null,"2.5.3","L.1.2","m",{"v":906,"d":"906.00"},{"v":906,"d":"906.00"},0.04,36.24]
[null,"2.5.4","L.3","m",{"v":3566.3,"d":"3,566.30"},{"v":3566.3,"d":"3,566.30"},0.04,{"v":142.65200000000002,"d":"142.65"}]
[null,"2.5.5","L.3.1","m",{"v":135.4,"d":"135.40"},{"v":135.4,"d":"135.40"},0.04,{"v":5.416,"d":"5.42"}]
[null,"2.5.6","L.3.1.1","m",{"v":58.5,"d":"58.50"},{"v":58.5,"d":"58.50"},0.04,2.34]
[null,"2.5.7","L.3.1.2","m",{"v":165.9,"d":"165.90"},{"v":165.9,"d":"165.90"},0.04,{"v":6.636,"d":"6.64"}]
[null,"2.5.8","L.3.2","m",{"v":193,"d":"193.00"},{"v":193,"d":"193.00"},0.04,7.72]
[null,"2.5.9","L.3.3","m",{"v":95.9,"d":"95.90"},{"v":95.9,"d":"95.90"},0.04,{"v":3.8360000000000003,"d":"3.84"}]
[null,"2.5.10","L.3.4","m",{"v":253.8,"d":"253.80"},{"v":253.8,"d":"253.80"},0.04,{"v":10.152000000000001,"d":"10.15"}]
[null,"2.5.11","L.3.5","m",{"v":856.6,"d":"856.60"},{"v":856.6,"d":"856.60"},0.04,{"v":34.264,"d":"34.26"}]
[null,"2.5.12","L.4","m",416.25,416.25,0.04,16.65]
[null,"2.5.13","L.5","m",299.85,299.85,0.04,{"v":11.994000000000002,"d":"11.99"}]
[null,"2.5.14","L.6","m",{"v":541.5,"d":"541.50"},{"v":541.5,"d":"541.50"},0.04,21.66]
[null,"2.5.15","L.8","m",{"v":4330.8,"d":"4,330.80"},{"v":4330.8,"d":"4,330.80"},0.04,{"v":173.232,"d":"173.23"}]
[null,"2.5.16","L.8.1","m",{"v":535.5,"d":"535.50"},{"v":535.5,"d":"535.50"},0.04,21.42]
[null,"2.5.17","L.8.2","m",{"v":145.4,"d":"145.40"},{"v":145.4,"d":"145.40"},0.04,{"v":5.816000000000001,"d":"5.82"}]
[null,"2.5.18","L.8.3","m",{"v":2147.1,"d":"2,147.10"},{"v":2147.1,"d":"2,147.10"},0.04,{"v":85.884,"d":"85.88"}]
[null,"2.5.19","L.8.3.1","m",{"v":404.8,"d":"404.80"},{"v":404.8,"d":"404.80"},0.04,{"v":16.192,"d":"16.19"}]
[null,"2.5.20","L.8.3.2","m",{"v":93.5,"d":"93.50"},{"v":93.5,"d":"93.50"},0.04,3.74]
[null,"2.5.21","L.8.3.3","m",{"v":221,"d":"221.00"},{"v":221,"d":"221.00"},0.04,8.84]
[null,"2.5.22","L.8.3.4","m",{"v":274.2,"d":"274.20"},{"v":274.2,"d":"274.20"},0.04,{"v":10.968,"d":"10.97"}]
[null,"2.5.23","L.8.3.6","m",{"v":95,"d":"95.00"},{"v":95,"d":"95.00"},0.04,{"v":3.8000000000000003,"d":"3.80"}]
[null,"2.5.24","L.8.4","m",{"v":966.5,"d":"966.50"},{"v":966.5,"d":"966.50"},0.04,{"v":38.660000000000004,"d":"38.66"}]
[null,"2.5.25","L.8.5","m",{"v":360,"d":"360.00"},{"v":360,"d":"360.00"},0.04,{"v":14.4,"d":"14.40"}]
[null,"2.5.26","L.8.6","m",{"v":294.5,"d":"294.50"},{"v":294.5,"d":"294.50"},0.04,11.78]
[null,"2.5.27","L.8.7","m",111.25,111.25,0.04,4.45]
[null,"2.5.28","L.8.8","m",{"v":0,"d":"0.00"},{"v":0,"d":"0.00"},0.04,{"v":0,"d":"0.00"}]
[null,"2.5.29","L.8.9","m",{"v":229,"d":"229.00"},{"v":229,"d":"229.00"},0.04,9.16]
[null,"2.5.30","L.8.10","m",{"v":391.7,"d":"391.70"},{"v":391.7,"d":"391.70"},0.04,{"v":15.668,"d":"15.67"}]
[null,"2.5.31","L.8.11","m",{"v":799.3,"d":"799.30"},{"v":799.3,"d":"799.30"},0.04,{"v":31.971999999999998,"d":"31.97"}]
[null,"2.5.32","L.8.11.1","m",{"v":312.6,"d":"312.60"},{"v":312.6,"d":"312.60"},0.04,{"v":12.504000000000001,"d":"12.50"}]
[null,"2.5.33","L.8.12","m",{"v":443.2,"d":"443.20"},{"v":443.2,"d":"443.20"},0.04,{"v":17.728,"d":"17.73"}]
[null,"2.5.34","L.8.14","m",{"v":933,"d":"933.00"},{"v":933,"d":"933.00"},0.04,37.32]
[null,"2.5.35","L.9","m",{"v":2933.5,"d":"2,933.50"},{"v":2933.5,"d":"2,933.50"},0.04,117.34]
[null,"2.5.36","L.9.1","m",{"v":737.8,"d":"737.80"},{"v":737.8,"d":"737.80"},0.04,{"v":29.512,"d":"29.51"}]
[null,"2.5.37","L.9.2","m",{"v":0,"d":"0.00"},{"v":0,"d":"0.00"},0.04,{"v":0,"d":"0.00"}]
[null,"2.5.38","L.9.4","m",{"v":0,"d":"0.00"},{"v":0,"d":"0.00"},0.04,{"v":0,"d":"0.00"}]
[null,"2.5.39","L.9.5","m",{"v":123.3,"d":"123.30"},{"v":123.3,"d":"123.30"},0.04,{"v":4.932,"d":"4.93"}]
[null,"2.5.40","L.10","m",{"v":1123.7,"d":"1,123.70"},{"v":1123.7,"d":"1,123.70"},0.04,{"v":44.948,"d":"44.95"}]
[null,"2.5.41","L.10.1","m",{"v":767,"d":"767.00"},{"v":767,"d":"767.00"},0.04,30.68]
[null,"2.5.42","L.10.2","m",{"v":0,"d":"0.00"},{"v":0,"d":"0.00"},0.04,{"v":0,"d":"0.00"}]
[null,"2.5.43","L.10.3","m",{"v":47.4,"d":"47.40"},{"v":47.4,"d":"47.40"},0.04,{"v":1.896,"d":"1.90"}]
[]
[null,"2.6","GLEBA F ","m",{"$f":"SUM(E702:E703)","v":{"v":5611.7,"d":"5,611.70"}},{"$f":"SUM(F702:F703)","v":{"v":5611.7,"d":"5,611.70"}},null,{"$f":"SUM(H702:H703)","v":{"v":224.468,"d":"224.47"}}]
[null,"2.6.1","CS - 1 / F","m",{"v":3265.05,"d":"3,265.05"},{"v":3265.05,"d":"3,265.05"},0.04,{"$f":"G702*F702","v":{"v":130.602,"d":"130.60"}}]
[null,"2.6.2","CS - 3 / F","m",{"v":2346.6499999999996,"d":"2,346.65"},{"v":2346.6499999999996,"d":"2,346.65"},{"$f":"G702","v":0.04},{"v":93.86599999999999,"d":"93.87"}]
[]
[null,3,"DESASSOREAMENTO E ROÇAGEM DOS DRENOS GLEBA F","m",{"$f":"SUM(E706:E707)","v":{"v":2432,"d":"2,432.00"}},{"$f":"SUM(F706:F707)","v":{"v":2432,"d":"2,432.00"}},null,{"$f":"SUM(H706:H707)","v":{"v":4328.96,"d":"4,328.96"}}]
[null,"3.1","Dreno CS-1/F","m",{"v":1024,"d":"1,024.00"},{"v":1024,"d":"1,024.00"},1.78,{"$f":"G706*F706","v":{"v":1822.72,"d":"1,822.72"}}]
[null,"3.2","Dreno CS-3/F","m",{"v":1408,"d":"1,408.00"},{"v":1408,"d":"1,408.00"},{"$f":"G706","v":1.78},{"v":2506.2400000000002,"d":"2,506.24"}]
[]
[null,4,"ROÇAGEM DO SIFÃO C1 - C4","m",{"$f":"E710","v":481.97},{"$f":"F710","v":481.97},null,{"$f":"H710","v":{"v":1783.2890000000002,"d":"1,783.29"}}]
[null,"4.1","Sifão C1 - C4","m",481.97,481.97,{"v":3.7,"d":"3.70"},{"$f":"G710*F710","v":{"v":1783.2890000000002,"d":"1,783.29"}}]
[]
[null,5,"MANUTENÇÃO DE CERCAS DE PROTEÇÃO NAS COMPORTAS","cj",{"$f":"E713+E715+E717+E719+E721","v":{"v":46,"d":"46.00"}},{"$f":"F713+F715+F717+F719+F721","v":{"v":46,"d":"46.00"}},null,{"$f":"H713+H715+H717+H719+H721","v":{"v":8510,"d":"8,510.00"}}]
[null,"5.1","Gleba A",null,{"$f":"E714","v":{"v":17,"d":"17.00"}},{"$f":"F714","v":{"v":17,"d":"17.00"}},null,{"$f":"H714","v":{"v":3145,"d":"3,145.00"}}]
[null,"5.1.1","Limpeza manual, recuperação dos cercamentos e pinturas, conforme especificação","cj",{"v":17,"d":"17.00"},{"v":17,"d":"17.00"},{"v":185,"d":"185.00"},{"$f":"F714*G714","v":{"v":3145,"d":"3,145.00"}}]
[null,"5.2","Gleba B",null,{"$f":"E716","v":{"v":4,"d":"4.00"}},{"$f":"F716","v":{"v":4,"d":"4.00"}},null,{"$f":"H716","v":{"v":740,"d":"740.00"}}]
[null,"5.2.1","Limpeza manual, recuperação dos cercamentos e pinturas, conforme especificação","cj",{"v":4,"d":"4.00"},{"v":4,"d":"4.00"},{"$f":"G$714","v":{"v":185,"d":"185.00"}},{"$f":"F716*G716","v":{"v":740,"d":"740.00"}}]
[null,"5.3","Gleba C2",null,{"$f":"E718","v":{"v":14,"d":"14.00"}},{"$f":"F718","v":{"v":14,"d":"14.00"}},null,{"$f":"H718","v":{"v":2590,"d":"2,590.00"}}]
[null,"5.3.1","Limpeza manual, recuperação dos cercamentos e pinturas, conforme especificação","cj",{"v":14,"d":"14.00"},{"v":14,"d":"14.00"},{"$f":"G$714","v":{"v":185,"d":"185.00"}},{"$f":"F718*G718","v":{"v":2590,"d":"2,590.00"}}]
[null,"5.4","Gleba D",null,{"$f":"E720","v":{"v":9,"d":"9.00"}},{"$f":"F720","v":{"v":9,"d":"9.00"}},null,{"$f":"H720","v":{"v":1665,"d":"1,665.00"}}]
[null,"5.4.1","Limpeza manual, recuperação dos cercamentos e pinturas, conforme especificação","cj",{"v":9,"d":"9.00"},{"v":9,"d":"9.00"},{"$f":"G$714","v":{"v":185,"d":"185.00"}},{"$f":"F720*G720","v":{"v":1665,"d":"1,665.00"}}]
[null,"5.5","Gleba F",null,{"$f":"E722","v":{"v":2,"d":"2.00"}},{"$f":"F722","v":{"v":2,"d":"2.00"}},null,{"$f":"H722","v":{"v":370,"d":"370.00"}}]
[null,"5.5.1","Limpeza manual, recuperação dos cercamentos e pinturas, conforme especificação","cj",{"v":2,"d":"2.00"},{"v":2,"d":"2.00"},{"$f":"G$714","v":{"v":185,"d":"185.00"}},{"$f":"F722*G722","v":{"v":370,"d":"370.00"}}]
[]
[null,6,"SUBSTITUIÇÃO E EXECUÇÃO DE JUNTAS E PLACAS DE CONCRETO",{"$nulls":4},{"$f":"H725+H748","v":{"v":39382.848,"d":"39,382.85"}}]
[null,"6.1","SUBSTITUIÇÃO OU EXECUÇÃO DE JUNTAS COM APLICAÇÃO DE SELANTE ELÁSTICO MONOCOMPONENTE, POLIURETANO,  PU-30, EM JUNTAS DE CANAIS DE IRRIGAÇÃO OU EXECUÇÃO DE NOVAS JUNTAS EM RACHADURAS DAS PLACAS DE CONCRETO DOS CANAIS","M",{"$f":"E726+E729+E732+E735+E738+E741+E744","v":{"v":8400,"d":"8,400.00"}},{"$f":"F726+F729+F732+F735+F738+F741+F744","v":{"v":4400,"d":"4,400.00"}},7.34,{"$f":"H726+H729+H732+H735+H738+H741+H744","v":{"v":32296,"d":"32,296.00"}}]
[null,"6.1.1","GLEBA A",null,{"$f":"SUM(E727:E728)","v":{"v":2400,"d":"2,400.00"}},{"$f":"SUM(F727:F728)","v":{"v":1400,"d":"1,400.00"}},null,{"$f":"SUM(H727:H728)","v":{"v":10276,"d":"10,276.00"}}]
[null,null,"CT4-S6/A4","M",{"v":1000,"d":"1,000.00"},{"v":0,"d":"0.00"},{"$f":"G$725","v":7.34},{"$f":"F727*G727","v":{"v":0,"d":"0.00"}}]
[null,null,"CT4-S4/A4","M",{"v":1400,"d":"1,400.00"},{"v":1400,"d":"1,400.00"},{"$f":"G$725","v":7.34},{"v":10276,"d":"10,276.00"}]
[null,"6.1.2","GLEBA B",null,{"$f":"SUM(E730:E731)","v":{"v":2000,"d":"2,000.00"}},{"$f":"SUM(F730:F731)","v":{"v":1000,"d":"1,000.00"}},null,{"$f":"SUM(H730:H731)","v":{"v":7340,"d":"7,340.00"}}]
[null,null,"CS-17/B","M",{"v":1000,"d":"1,000.00"},{"v":0,"d":"0.00"},{"$f":"G$725","v":7.34},{"$f":"F730*G730","v":{"v":0,"d":"0.00"}}]
[null,null,"CS-12/B","M",{"v":1000,"d":"1,000.00"},{"v":1000,"d":"1,000.00"},{"$f":"G$725","v":7.34},{"v":7340,"d":"7,340.00"}]
[null,"6.1.3","GLEBA C2",null,{"$f":"SUM(E733:E734)","v":{"v":2000,"d":"2,000.00"}},{"$f":"SUM(F733:F734)","v":{"v":1000,"d":"1,000.00"}},null,{"$f":"SUM(H733:H734)","v":{"v":7340,"d":"7,340.00"}}]
[null,null,"CS-5/C2","M",{"v":1000,"d":"1,000.00"},{"v":0,"d":"0.00"},{"$f":"G$725","v":7.34},{"$f":"F733*G733","v":{"v":0,"d":"0.00"}}]
[null,null,"CS-3/C2","M",{"v":1000,"d":"1,000.00"},{"v":1000,"d":"1,000.00"},{"$f":"G$725","v":7.34},{"v":7340,"d":"7,340.00"}]
[null,"6.1.4","GLEBA C3",null,{"$f":"SUM(E736:E737)","v":{"v":2000,"d":"2,000.00"}},{"$f":"SUM(F736:F737)","v":{"v":1000,"d":"1,000.00"}},null,{"$f":"SUM(H736:H737)","v":{"v":7340,"d":"7,340.00"}}]
[null,null,"CS-1/C3","M",{"v":1000,"d":"1,000.00"},{"v":0,"d":"0.00"},{"$f":"G$725","v":7.34},{"$f":"F736*G736","v":{"v":0,"d":"0.00"}}]
[null,null,"CP/C3","M",{"v":1000,"d":"1,000.00"},{"v":1000,"d":"1,000.00"},{"$f":"G$725","v":7.34},{"v":7340,"d":"7,340.00"}]
[null,"6.1.5","GLEBA D",null,{"$f":"SUM(E739:E740)","v":{"v":0,"d":"0.00"}},{"$f":"SUM(F739:F740)","v":{"v":0,"d":"0.00"}},null,{"$f":"SUM(H739:H740)","v":{"v":0,"d":"0.00"}}]
[null,null,"L.8.3","M",{"v":0,"d":"0.00"},{"v":0,"d":"0.00"},{"$f":"G$725","v":7.34},{"$f":"F739*G739","v":{"v":0,"d":"0.00"}}]
[{"$nulls":3},"M",{"v":0,"d":"0.00"},{"v":0,"d":"0.00"},{"$f":"G$725","v":7.34},{"v":0,"d":"0.00"}]
[null,"6.1.6","GLEBA F",null,{"$f":"SUM(E742:E743)","v":{"v":0,"d":"0.00"}},{"$f":"SUM(F742:F743)","v":{"v":0,"d":"0.00"}},null,{"$f":"SUM(H742:H743)","v":{"v":0,"d":"0.00"}}]
[null,null,"CS-1/F","M",{"v":0,"d":"0.00"},{"v":0,"d":"0.00"},{"$f":"G$725","v":7.34},{"$f":"F742*G742","v":{"v":0,"d":"0.00"}}]
[{"$nulls":3},"M",{"v":0,"d":"0.00"},{"v":0,"d":"0.00"},{"$f":"G$725","v":7.34},{"v":0,"d":"0.00"}]
[null,"6.1.7","GLEBA SP",null,{"$f":"SUM(E745:E746)","v":{"v":0,"d":"0.00"}},{"$f":"SUM(F745:F746)","v":{"v":0,"d":"0.00"}},null,{"$f":"SUM(H745:H746)","v":{"v":0,"d":"0.00"}}]
[null,null,"L.11","M",{"v":0,"d":"0.00"},{"v":0,"d":"0.00"},{"$f":"G$725","v":7.34},{"$f":"F745*G745","v":{"v":0,"d":"0.00"}}]
[{"$nulls":3},"M",{"v":0,"d":"0.00"},{"v":0,"d":"0.00"},{"$f":"G$725","v":7.34},{"v":0,"d":"0.00"}]
[]
[null,"6.2","SUBSTITUIÇÃO OU EXECUÇÃO DE PLACAS DE CONCRETO COM REMOÇÃO DE PLACA DE CONCRETO EXISTENTE, RECOMPOSIÇÃO DO MACIÇO DE TERRA E EXECUÇÃO DE PLACA DE CONCRETO ESPESSURA 5CM","M3",{"$f":"E749+E752+E755+E758+E761+E764+E767","v":{"v":25.6,"d":"25.60"}},{"$f":"F749+F752+F755+F758+F761+F764+F767","v":{"v":12.8,"d":"12.80"}},553.66,{"$f":"H749+H752+H755+H758+H761+H764+H767","v":{"v":7086.848,"d":"7,086.85"}}]
[null,"6.2.1","GLEBA A",null,{"$f":"SUM(E750:E751)","v":{"v":8,"d":"8.00"}},{"$f":"SUM(F750:F751)","v":{"v":4,"d":"4.00"}},null,{"$f":"SUM(H750:H751)","v":{"v":2214.64,"d":"2,214.64"}}]
[null,null,"CT4-S6/A4","M3",{"v":4,"d":"4.00"},{"v":0,"d":"0.00"},{"$f":"G$748","v":553.66},{"$f":"F750*G750","v":{"v":0,"d":"0.00"}}]
[null,null,"CT4-S4/A4","M3",{"v":4,"d":"4.00"},{"v":4,"d":"4.00"},{"$f":"G$748","v":553.66},{"v":2214.64,"d":"2,214.64"}]
[null,"6.2.2","GLEBA B",null,{"$f":"SUM(E753:E754)","v":{"v":6,"d":"6.00"}},{"$f":"SUM(F753:F754)","v":{"v":3,"d":"3.00"}},null,{"$f":"SUM(H753:H754)","v":{"v":1660.98,"d":"1,660.98"}}]
[null,null,"CS-17/B","M3",{"v":3,"d":"3.00"},{"v":0,"d":"0.00"},{"$f":"G$748","v":553.66},{"$f":"F753*G753","v":{"v":0,"d":"0.00"}}]
[null,null,"CS-12/B","M3",{"v":3,"d":"3.00"},{"v":3,"d":"3.00"},{"$f":"G$748","v":553.66},{"v":1660.98,"d":"1,660.98"}]
[null,"6.2.3","GLEBA C2",null,{"$f":"SUM(E756:E757)","v":{"v":9.6,"d":"9.60"}},{"$f":"SUM(F756:F757)","v":{"v":4.8,"d":"4.80"}},null,{"$f":"SUM(H756:H757)","v":{"v":2657.5679999999998,"d":"2,657.57"}}]
[null,null,"CS-5/C2","M3",{"v":4.8,"d":"4.80"},{"v":0,"d":"0.00"},{"$f":"G$748","v":553.66},{"$f":"F756*G756","v":{"v":0,"d":"0.00"}}]
[null,null,"CS-3/C2","M3",{"v":4.8,"d":"4.80"},{"v":4.8,"d":"4.80"},{"$f":"G$748","v":553.66},{"v":2657.5679999999998,"d":"2,657.57"}]
[null,"6.2.4","GLEBA C3",null,{"$f":"SUM(E759:E760)","v":{"v":2,"d":"2.00"}},{"$f":"SUM(F759:F760)","v":{"v":1,"d":"1.00"}},null,{"$f":"SUM(H759:H760)","v":553.66}]
[null,null,"CS-1/C3","M3",{"v":1,"d":"1.00"},{"v":0,"d":"0.00"},{"$f":"G$748","v":553.66},{"$f":"F759*G759","v":{"v":0,"d":"0.00"}}]
[null,null,"CP/C3","M3",{"v":1,"d":"1.00"},{"v":1,"d":"1.00"},{"$f":"G$748","v":553.66},553.66]
[null,"6.2.5","GLEBA D",null,{"$f":"SUM(E762:E763)","v":{"v":0,"d":"0.00"}},{"$f":"SUM(F762:F763)","v":{"v":0,"d":"0.00"}},null,{"$f":"SUM(H762:H763)","v":{"v":0,"d":"0.00"}}]
[null,null,"L.8.3","M3",{"v":0,"d":"0.00"},{"v":0,"d":"0.00"},{"$f":"G$748","v":553.66},{"$f":"F762*G762","v":{"v":0,"d":"0.00"}}]
[]
[null,"6.2.6","GLEBA F",null,{"$f":"SUM(E765:E766)","v":{"v":0,"d":"0.00"}},{"$f":"SUM(F765:F766)","v":{"v":0,"d":"0.00"}},null,{"$f":"SUM(H765:H766)","v":{"v":0,"d":"0.00"}}]
[null,null,"CS-1/F","M3",{"v":0,"d":"0.00"},{"v":0,"d":"0.00"},{"$f":"G$748","v":553.66},{"$f":"F765*G765","v":{"v":0,"d":"0.00"}}]
[]
[null,"6.2.7","GLEBA SP",null,{"$f":"SUM(E768:E769)","v":{"v":0,"d":"0.00"}},{"$f":"SUM(F768:F769)","v":{"v":0,"d":"0.00"}},null,{"$f":"SUM(H768:H769)","v":{"v":0,"d":"0.00"}}]
[null,null,"L.11","M3",{"v":0,"d":"0.00"},{"v":0,"d":"0.00"},{"$f":"G$748","v":553.66},{"$f":"F768*G768","v":{"v":0,"d":"0.00"}}]
[]
[]
[]
[]
[null,null,"Jaíba, ____ de _____________ de _________"]
[]
[]
[]
[null,null,"_______________________________________________"]
[null,null,"Nome da Licitante CNPJ e ENDEREÇO"]
[null,null,"ASSINATURA DO REPRESENTANTE LEGAL"]